<?xml version="1.0" encoding="UTF-8"?>
<collection xmlns="http://www.loc.gov/MARC21/slim">
 <record>
  <leader>36911nas a22034571  4500</leader>
  <controlfield tag="001">1/50131</controlfield>
  <controlfield tag="008">020715c19779999gr mrzp           g0gre d</controlfield>
  <datafield tag="035" ind1=" " ind2=" ">
   <subfield code="l">22896</subfield>
  </datafield>
  <datafield tag="040" ind1=" " ind2=" ">
   <subfield code="a">GR-PeUP</subfield>
  </datafield>
  <datafield tag="090" ind1=" " ind2=" ">
   <subfield code="a">Αλφαβητική σειρά</subfield>
  </datafield>
  <datafield tag="245" ind1="0" ind2="0">
   <subfield code="a">Ασφαλιστική αγορά</subfield>
  </datafield>
  <datafield tag="260" ind1=" " ind2=" ">
   <subfield code="a">Αθήνα :</subfield>
   <subfield code="b">Ρουχωτάς, Δημήτρης,</subfield>
   <subfield code="c">1977-</subfield>
  </datafield>
  <datafield tag="300" ind1=" " ind2=" ">
   <subfield code="a">τ. ;</subfield>
   <subfield code="c">28 εκ.</subfield>
  </datafield>
  <datafield tag="310" ind1=" " ind2=" ">
   <subfield code="a">Μηνιαίο</subfield>
  </datafield>
  <datafield tag="362" ind1="0" ind2=" ">
   <subfield code="a">Τομ.ΙΙ, τχ.182(Απρίλ. 1992)-τ.ΚΖ΄, τχ.322(Δεκ. 2003)</subfield>
  </datafield>
  <datafield tag="362" ind1="0" ind2=" ">
   <subfield code="a">Τομ.ΚΗ΄, τχ.323(Ιαν. 2004)-</subfield>
  </datafield>
  <datafield tag="546" ind1=" " ind2=" ">
   <subfield code="a">Ελληνική</subfield>
  </datafield>
  <datafield tag="650" ind1=" " ind2="4">
   <subfield code="a">Ασφάλιση</subfield>
   <subfield code="v">Περιοδικά.</subfield>
  </datafield>
  <datafield tag="852" ind1=" " ind2=" ">
   <subfield code="a">INST</subfield>
   <subfield code="b">UNIPILB</subfield>
   <subfield code="c">SERIALS</subfield>
   <subfield code="e">20050301</subfield>
   <subfield code="h">Αλφαβητική σειρά</subfield>
   <subfield code="p">40703</subfield>
   <subfield code="q">40703</subfield>
   <subfield code="t">NOLOAN</subfield>
   <subfield code="v">τομ.28;τεύχ.323:(Μήνας)Ιανουάριος;(Έτος)2004</subfield>
   <subfield code="y">23</subfield>
  </datafield>
  <datafield tag="852" ind1=" " ind2=" ">
   <subfield code="a">INST</subfield>
   <subfield code="b">UNIPILB</subfield>
   <subfield code="c">SERIALS</subfield>
   <subfield code="e">20050301</subfield>
   <subfield code="h">Αλφαβητική σειρά</subfield>
   <subfield code="p">40704</subfield>
   <subfield code="q">40704</subfield>
   <subfield code="t">NOLOAN</subfield>
   <subfield code="v">τομ.28;τεύχ.324:(Μήνας)Φεβρουάριος;(Έτος)2004</subfield>
   <subfield code="y">23</subfield>
  </datafield>
  <datafield tag="852" ind1=" " ind2=" ">
   <subfield code="a">INST</subfield>
   <subfield code="b">UNIPILB</subfield>
   <subfield code="c">SERIALS</subfield>
   <subfield code="e">20050301</subfield>
   <subfield code="h">Αλφαβητική σειρά</subfield>
   <subfield code="p">40705</subfield>
   <subfield code="q">40705</subfield>
   <subfield code="t">NOLOAN</subfield>
   <subfield code="v">τομ.28;τεύχ.325:(Μήνας)Μάρτιος;(Έτος)2004</subfield>
   <subfield code="y">23</subfield>
  </datafield>
  <datafield tag="852" ind1=" " ind2=" ">
   <subfield code="a">INST</subfield>
   <subfield code="b">UNIPILB</subfield>
   <subfield code="c">SERIALS</subfield>
   <subfield code="e">20050301</subfield>
   <subfield code="h">Αλφαβητική σειρά</subfield>
   <subfield code="p">40706</subfield>
   <subfield code="q">40706</subfield>
   <subfield code="t">NOLOAN</subfield>
   <subfield code="v">τομ.28;τεύχ.326:(Μήνας)Απρίλιος;(Έτος)2004</subfield>
   <subfield code="y">23</subfield>
  </datafield>
  <datafield tag="852" ind1=" " ind2=" ">
   <subfield code="a">INST</subfield>
   <subfield code="b">UNIPILB</subfield>
   <subfield code="c">SERIALS</subfield>
   <subfield code="e">20050301</subfield>
   <subfield code="h">Αλφαβητική σειρά</subfield>
   <subfield code="p">40707</subfield>
   <subfield code="q">40707</subfield>
   <subfield code="t">NOLOAN</subfield>
   <subfield code="v">τομ.28;τεύχ.327:(Μήνας)Μάιος;(Έτος)2004</subfield>
   <subfield code="y">23</subfield>
  </datafield>
  <datafield tag="852" ind1=" " ind2=" ">
   <subfield code="a">INST</subfield>
   <subfield code="b">UNIPILB</subfield>
   <subfield code="c">SERIALS</subfield>
   <subfield code="e">20050301</subfield>
   <subfield code="h">Αλφαβητική σειρά</subfield>
   <subfield code="p">40708</subfield>
   <subfield code="q">40708</subfield>
   <subfield code="t">NOLOAN</subfield>
   <subfield code="v">τομ.28;τεύχ.328:(Μήνας)Ιούνιος;(Έτος)2004</subfield>
   <subfield code="y">23</subfield>
  </datafield>
  <datafield tag="852" ind1=" " ind2=" ">
   <subfield code="a">INST</subfield>
   <subfield code="b">UNIPILB</subfield>
   <subfield code="c">SERIALS</subfield>
   <subfield code="e">20050301</subfield>
   <subfield code="h">Αλφαβητική σειρά</subfield>
   <subfield code="p">40709</subfield>
   <subfield code="q">40709</subfield>
   <subfield code="t">NOLOAN</subfield>
   <subfield code="v">τομ.28;τεύχ.329-330:(Μήνες)Ιούλ./Αύγ.;(Έτος)2004</subfield>
   <subfield code="y">23</subfield>
  </datafield>
  <datafield tag="852" ind1=" " ind2=" ">
   <subfield code="a">INST</subfield>
   <subfield code="b">UNIPILB</subfield>
   <subfield code="c">SERIALS</subfield>
   <subfield code="e">20050301</subfield>
   <subfield code="h">Αλφαβητική σειρά</subfield>
   <subfield code="p">40710</subfield>
   <subfield code="q">40710</subfield>
   <subfield code="t">NOLOAN</subfield>
   <subfield code="v">τομ.28;τεύχ.331:(Μήνας)Σεπτέμβριος;(Έτος)2004</subfield>
   <subfield code="y">23</subfield>
  </datafield>
  <datafield tag="852" ind1=" " ind2=" ">
   <subfield code="a">INST</subfield>
   <subfield code="b">UNIPILB</subfield>
   <subfield code="c">SERIALS</subfield>
   <subfield code="e">20050301</subfield>
   <subfield code="h">Αλφαβητική σειρά</subfield>
   <subfield code="p">40711</subfield>
   <subfield code="q">40711</subfield>
   <subfield code="t">NOLOAN</subfield>
   <subfield code="v">τομ.28;τεύχ.332:(Μήνας)Οκτώβριος;(Έτος)2004</subfield>
   <subfield code="y">23</subfield>
  </datafield>
  <datafield tag="852" ind1=" " ind2=" ">
   <subfield code="a">INST</subfield>
   <subfield code="b">UNIPILB</subfield>
   <subfield code="c">SERIALS</subfield>
   <subfield code="e">20050301</subfield>
   <subfield code="h">Αλφαβητική σειρά</subfield>
   <subfield code="p">40712</subfield>
   <subfield code="q">40712</subfield>
   <subfield code="t">NOLOAN</subfield>
   <subfield code="v">τομ.28;τεύχ.333:(Μήνας)Νοέμβριος;(Έτος)2004</subfield>
   <subfield code="y">23</subfield>
  </datafield>
  <datafield tag="852" ind1=" " ind2=" ">
   <subfield code="a">INST</subfield>
   <subfield code="b">UNIPILB</subfield>
   <subfield code="c">SERIALS</subfield>
   <subfield code="e">20050301</subfield>
   <subfield code="h">Αλφαβητική σειρά</subfield>
   <subfield code="p">40713</subfield>
   <subfield code="q">40713</subfield>
   <subfield code="t">NOLOAN</subfield>
   <subfield code="v">τομ.28;τεύχ.334:(Μήνας)Δεκέμβριος;(Έτος)2004</subfield>
   <subfield code="y">23</subfield>
  </datafield>
  <datafield tag="852" ind1=" " ind2=" ">
   <subfield code="a">INST</subfield>
   <subfield code="b">UNIPILB</subfield>
   <subfield code="c">SERIALS</subfield>
   <subfield code="e">20050301</subfield>
   <subfield code="h">Αλφαβητική σειρά</subfield>
   <subfield code="p">40714</subfield>
   <subfield code="q">40714</subfield>
   <subfield code="t">NOLOAN</subfield>
   <subfield code="v">τομ.29;τεύχ.335:(Μήνας)Ιανουάριος;(Έτος)2005</subfield>
   <subfield code="y">23</subfield>
  </datafield>
  <datafield tag="852" ind1=" " ind2=" ">
   <subfield code="a">INST</subfield>
   <subfield code="b">UNIPILB</subfield>
   <subfield code="c">SERIALS</subfield>
   <subfield code="e">20050301</subfield>
   <subfield code="h">Αλφαβητική σειρά</subfield>
   <subfield code="p">40715</subfield>
   <subfield code="q">40715</subfield>
   <subfield code="t">NOLOAN</subfield>
   <subfield code="v">τομ.29;τεύχ.336:(Μήνας)Φεβρουάριος;(Έτος)2005</subfield>
   <subfield code="y">23</subfield>
  </datafield>
  <datafield tag="852" ind1=" " ind2=" ">
   <subfield code="a">INST</subfield>
   <subfield code="b">UNIPILB</subfield>
   <subfield code="c">SERIALS</subfield>
   <subfield code="e">20050328</subfield>
   <subfield code="h">Αλφαβητική σειρά</subfield>
   <subfield code="p">41703</subfield>
   <subfield code="q">41703</subfield>
   <subfield code="t">NOLOAN</subfield>
   <subfield code="v">τομ.29;τεύχ.337:(Μήνας)Μάρτιος;(Έτος)2005</subfield>
   <subfield code="y">23</subfield>
  </datafield>
  <datafield tag="852" ind1=" " ind2=" ">
   <subfield code="a">INST</subfield>
   <subfield code="b">UNIPILB</subfield>
   <subfield code="c">SERIALS</subfield>
   <subfield code="e">20050412</subfield>
   <subfield code="h">Αλφαβητική σειρά</subfield>
   <subfield code="p">42366</subfield>
   <subfield code="q">42366</subfield>
   <subfield code="t">NOLOAN</subfield>
   <subfield code="v">τομ.29;τεύχ.338:(Μήνας)Απρίλιος;(Έτος)2005</subfield>
   <subfield code="y">23</subfield>
  </datafield>
  <datafield tag="852" ind1=" " ind2=" ">
   <subfield code="a">INST</subfield>
   <subfield code="b">UNIPILB</subfield>
   <subfield code="c">SERIALS</subfield>
   <subfield code="e">20050509</subfield>
   <subfield code="h">Αλφαβητική σειρά</subfield>
   <subfield code="p">42908</subfield>
   <subfield code="q">42908</subfield>
   <subfield code="t">NOLOAN</subfield>
   <subfield code="v">τομ.29;τεύχ.339:(Μήνας)Μάιος;(Έτος)2005</subfield>
   <subfield code="y">23</subfield>
  </datafield>
  <datafield tag="852" ind1=" " ind2=" ">
   <subfield code="a">INST</subfield>
   <subfield code="b">UNIPILB</subfield>
   <subfield code="c">SERIALS</subfield>
   <subfield code="e">20050610</subfield>
   <subfield code="h">Αλφαβητική σειρά</subfield>
   <subfield code="p">43850</subfield>
   <subfield code="q">43850</subfield>
   <subfield code="t">NOLOAN</subfield>
   <subfield code="v">τομ.29;τεύχ.340:(Μήνας)Ιούνιος;(Έτος)2005</subfield>
   <subfield code="y">23</subfield>
  </datafield>
  <datafield tag="852" ind1=" " ind2=" ">
   <subfield code="a">INST</subfield>
   <subfield code="b">UNIPILB</subfield>
   <subfield code="c">SERIALS</subfield>
   <subfield code="e">20050715</subfield>
   <subfield code="h">Αλφαβητική σειρά</subfield>
   <subfield code="p">44778</subfield>
   <subfield code="q">44778</subfield>
   <subfield code="t">NOLOAN</subfield>
   <subfield code="v">τομ.29;τεύχ.341-342:(Μήνες)Ιούλ./Αύγ.;(Έτος)2005</subfield>
   <subfield code="y">23</subfield>
  </datafield>
  <datafield tag="852" ind1=" " ind2=" ">
   <subfield code="a">INST</subfield>
   <subfield code="b">UNIPILB</subfield>
   <subfield code="c">SERIALS</subfield>
   <subfield code="e">20051020</subfield>
   <subfield code="h">Αλφαβητική σειρά</subfield>
   <subfield code="p">47817</subfield>
   <subfield code="q">47817</subfield>
   <subfield code="t">NOLOAN</subfield>
   <subfield code="v">τομ.29;τεύχ.344:(Μήνας)Οκτώβριος;(Έτος)2005</subfield>
   <subfield code="y">23</subfield>
  </datafield>
  <datafield tag="852" ind1=" " ind2=" ">
   <subfield code="a">INST</subfield>
   <subfield code="b">UNIPILB</subfield>
   <subfield code="c">SERIALS</subfield>
   <subfield code="e">20051109</subfield>
   <subfield code="h">Αλφαβητική σειρά</subfield>
   <subfield code="p">48196</subfield>
   <subfield code="q">48196</subfield>
   <subfield code="t">NOLOAN</subfield>
   <subfield code="v">τομ.29;τεύχ.345:(Μήνας)Νοέμβριος;(Έτος)2005</subfield>
   <subfield code="y">23</subfield>
  </datafield>
  <datafield tag="852" ind1=" " ind2=" ">
   <subfield code="a">INST</subfield>
   <subfield code="b">UNIPILB</subfield>
   <subfield code="c">SERIALS</subfield>
   <subfield code="e">20051213</subfield>
   <subfield code="h">Αλφαβητική σειρά</subfield>
   <subfield code="p">49042</subfield>
   <subfield code="q">49042</subfield>
   <subfield code="t">NOLOAN</subfield>
   <subfield code="v">τομ.29;τεύχ.346:(Μήνας)Δεκέμβριος;(Έτος)2005</subfield>
   <subfield code="y">23</subfield>
  </datafield>
  <datafield tag="852" ind1=" " ind2=" ">
   <subfield code="a">INST</subfield>
   <subfield code="b">UNIPILB</subfield>
   <subfield code="c">SERIALS</subfield>
   <subfield code="e">20060113</subfield>
   <subfield code="h">Αλφαβητική σειρά</subfield>
   <subfield code="p">49540</subfield>
   <subfield code="q">49540</subfield>
   <subfield code="t">NOLOAN</subfield>
   <subfield code="v">τομ.30;τεύχ.347:(Μήνας)Ιανουάριος;(Έτος)2006</subfield>
   <subfield code="y">23</subfield>
  </datafield>
  <datafield tag="852" ind1=" " ind2=" ">
   <subfield code="a">INST</subfield>
   <subfield code="b">UNIPILB</subfield>
   <subfield code="c">SERIALS</subfield>
   <subfield code="e">20060208</subfield>
   <subfield code="h">Αλφαβητική σειρά</subfield>
   <subfield code="p">50089</subfield>
   <subfield code="q">50089</subfield>
   <subfield code="t">NOLOAN</subfield>
   <subfield code="v">τομ.30;τεύχ.348:(Μήνας)Φεβρουάριος;(Έτος)2006</subfield>
   <subfield code="y">23</subfield>
  </datafield>
  <datafield tag="852" ind1=" " ind2=" ">
   <subfield code="a">INST</subfield>
   <subfield code="b">UNIPILB</subfield>
   <subfield code="c">SERIALS</subfield>
   <subfield code="e">20060317</subfield>
   <subfield code="h">Αλφαβητική σειρά</subfield>
   <subfield code="p">50900</subfield>
   <subfield code="q">50900</subfield>
   <subfield code="t">NOLOAN</subfield>
   <subfield code="v">τομ.30;τεύχ.349:(Μήνας)Μάρτιος;(Έτος)2006</subfield>
   <subfield code="y">23</subfield>
  </datafield>
  <datafield tag="852" ind1=" " ind2=" ">
   <subfield code="a">INST</subfield>
   <subfield code="b">UNIPILB</subfield>
   <subfield code="c">SERIALS</subfield>
   <subfield code="e">20060414</subfield>
   <subfield code="h">Αλφαβητική σειρά</subfield>
   <subfield code="p">51256</subfield>
   <subfield code="q">51256</subfield>
   <subfield code="t">NOLOAN</subfield>
   <subfield code="v">τομ.30;τεύχ.350:(Μήνας)Απρίλιος;(Έτος)2006</subfield>
   <subfield code="y">23</subfield>
  </datafield>
  <datafield tag="852" ind1=" " ind2=" ">
   <subfield code="a">INST</subfield>
   <subfield code="b">UNIPILB</subfield>
   <subfield code="c">SERIALS</subfield>
   <subfield code="e">20060516</subfield>
   <subfield code="h">Αλφαβητική σειρά</subfield>
   <subfield code="p">51480</subfield>
   <subfield code="q">51480</subfield>
   <subfield code="t">NOLOAN</subfield>
   <subfield code="v">τομ.30;τεύχ.351:(Μήνας)Μάιος;(Έτος)2006</subfield>
   <subfield code="y">23</subfield>
  </datafield>
  <datafield tag="852" ind1=" " ind2=" ">
   <subfield code="a">INST</subfield>
   <subfield code="b">UNIPILB</subfield>
   <subfield code="c">SERIALS</subfield>
   <subfield code="e">20060704</subfield>
   <subfield code="h">Αλφαβητική σειρά</subfield>
   <subfield code="p">51730</subfield>
   <subfield code="q">51730</subfield>
   <subfield code="t">NOLOAN</subfield>
   <subfield code="v">τομ.30;τεύχ.352:(Μήνας)Ιούνιος;(Έτος)2006</subfield>
   <subfield code="y">23</subfield>
  </datafield>
  <datafield tag="852" ind1=" " ind2=" ">
   <subfield code="a">INST</subfield>
   <subfield code="b">UNIPILB</subfield>
   <subfield code="c">SERIALS</subfield>
   <subfield code="e">20060712</subfield>
   <subfield code="h">Αλφαβητική σειρά</subfield>
   <subfield code="p">51926</subfield>
   <subfield code="q">51926</subfield>
   <subfield code="t">NOLOAN</subfield>
   <subfield code="v">τομ.30;τεύχ.353-354:(Μήνες)Ιούλ./Αύγ.;(Έτος)2006</subfield>
   <subfield code="y">23</subfield>
  </datafield>
  <datafield tag="852" ind1=" " ind2=" ">
   <subfield code="a">INST</subfield>
   <subfield code="b">UNIPILB</subfield>
   <subfield code="c">SERIALS</subfield>
   <subfield code="e">20060919</subfield>
   <subfield code="h">Αλφαβητική σειρά</subfield>
   <subfield code="p">52785</subfield>
   <subfield code="q">52785</subfield>
   <subfield code="t">NOLOAN</subfield>
   <subfield code="v">τομ.30;τεύχ.355:(Μήνας)Σεπτέμβριος;(Έτος)2006</subfield>
   <subfield code="y">23</subfield>
  </datafield>
  <datafield tag="852" ind1=" " ind2=" ">
   <subfield code="a">INST</subfield>
   <subfield code="b">UNIPILB</subfield>
   <subfield code="c">SERIALS</subfield>
   <subfield code="e">20061012</subfield>
   <subfield code="h">Αλφαβητική σειρά</subfield>
   <subfield code="p">53058</subfield>
   <subfield code="q">53058</subfield>
   <subfield code="t">NOLOAN</subfield>
   <subfield code="v">τομ.30;τεύχ.356:(Μήνας)Οκτώβριος;(Έτος)2006</subfield>
   <subfield code="y">23</subfield>
  </datafield>
  <datafield tag="852" ind1=" " ind2=" ">
   <subfield code="a">INST</subfield>
   <subfield code="b">UNIPILB</subfield>
   <subfield code="c">SERIALS</subfield>
   <subfield code="e">20061116</subfield>
   <subfield code="h">Αλφαβητική σειρά</subfield>
   <subfield code="p">53652</subfield>
   <subfield code="q">53652</subfield>
   <subfield code="t">NOLOAN</subfield>
   <subfield code="v">τομ.30;τεύχ.357:(Μήνας)Νοέμβριος;(Έτος)2006</subfield>
   <subfield code="y">23</subfield>
  </datafield>
  <datafield tag="852" ind1=" " ind2=" ">
   <subfield code="a">INST</subfield>
   <subfield code="b">UNIPILB</subfield>
   <subfield code="c">SERIALS</subfield>
   <subfield code="e">20061219</subfield>
   <subfield code="h">Αλφαβητική σειρά</subfield>
   <subfield code="p">53977</subfield>
   <subfield code="q">53977</subfield>
   <subfield code="t">NOLOAN</subfield>
   <subfield code="v">τομ.30;τεύχ.358:(Μήνας)Δεκέμβριος;(Έτος)2006</subfield>
   <subfield code="y">23</subfield>
  </datafield>
  <datafield tag="852" ind1=" " ind2=" ">
   <subfield code="a">INST</subfield>
   <subfield code="b">UNIPILB</subfield>
   <subfield code="c">SERIALS</subfield>
   <subfield code="e">20070118</subfield>
   <subfield code="h">Αλφαβητική σειρά</subfield>
   <subfield code="p">54170</subfield>
   <subfield code="q">54170</subfield>
   <subfield code="t">NOLOAN</subfield>
   <subfield code="v">τομ.31;τεύχ.359:(Μήνας)Ιανουάριος;(Έτος)2007</subfield>
   <subfield code="y">23</subfield>
  </datafield>
  <datafield tag="852" ind1=" " ind2=" ">
   <subfield code="a">INST</subfield>
   <subfield code="b">UNIPILB</subfield>
   <subfield code="c">SERIALS</subfield>
   <subfield code="e">20070213</subfield>
   <subfield code="h">Αλφαβητική σειρά</subfield>
   <subfield code="p">54717</subfield>
   <subfield code="q">54717</subfield>
   <subfield code="t">NOLOAN</subfield>
   <subfield code="v">τομ.31;τεύχ.360:(Μήνας)Φεβρουάριος;(Έτος)2007</subfield>
   <subfield code="y">23</subfield>
  </datafield>
  <datafield tag="852" ind1=" " ind2=" ">
   <subfield code="a">INST</subfield>
   <subfield code="b">UNIPILB</subfield>
   <subfield code="c">SERIALS</subfield>
   <subfield code="e">20070314</subfield>
   <subfield code="h">Αλφαβητική σειρά</subfield>
   <subfield code="p">54963</subfield>
   <subfield code="q">54963</subfield>
   <subfield code="t">NOLOAN</subfield>
   <subfield code="v">τομ.31;τεύχ.361:(Μήνας)Μάρτιος;(Έτος)2007</subfield>
   <subfield code="y">23</subfield>
  </datafield>
  <datafield tag="852" ind1=" " ind2=" ">
   <subfield code="a">INST</subfield>
   <subfield code="b">UNIPILB</subfield>
   <subfield code="c">SERIALS</subfield>
   <subfield code="e">20070419</subfield>
   <subfield code="h">Αλφαβητική σειρά</subfield>
   <subfield code="p">55368</subfield>
   <subfield code="q">55368</subfield>
   <subfield code="t">NOLOAN</subfield>
   <subfield code="v">τομ.31;τεύχ.362:(Μήνας)Απρίλιος;(Έτος)2007</subfield>
   <subfield code="y">23</subfield>
  </datafield>
  <datafield tag="852" ind1=" " ind2=" ">
   <subfield code="a">INST</subfield>
   <subfield code="b">UNIPILB</subfield>
   <subfield code="c">SERIALS</subfield>
   <subfield code="e">20070518</subfield>
   <subfield code="h">Αλφαβητική σειρά</subfield>
   <subfield code="p">55681</subfield>
   <subfield code="q">55681</subfield>
   <subfield code="t">NOLOAN</subfield>
   <subfield code="v">τομ.31;τεύχ.363:(Μήνας)Μάιος;(Έτος)2007</subfield>
   <subfield code="y">23</subfield>
  </datafield>
  <datafield tag="852" ind1=" " ind2=" ">
   <subfield code="a">INST</subfield>
   <subfield code="b">UNIPILB</subfield>
   <subfield code="c">SERIALS</subfield>
   <subfield code="e">20070613</subfield>
   <subfield code="h">Αλφαβητική σειρά</subfield>
   <subfield code="p">55959</subfield>
   <subfield code="q">55959</subfield>
   <subfield code="t">NOLOAN</subfield>
   <subfield code="v">τομ.31;τεύχ.364:(Μήνας)Ιούνιος;(Έτος)2007</subfield>
   <subfield code="y">23</subfield>
  </datafield>
  <datafield tag="852" ind1=" " ind2=" ">
   <subfield code="a">INST</subfield>
   <subfield code="b">UNIPILB</subfield>
   <subfield code="c">SERIALS</subfield>
   <subfield code="e">20070716</subfield>
   <subfield code="h">Αλφαβητική σειρά</subfield>
   <subfield code="p">56307</subfield>
   <subfield code="q">56307</subfield>
   <subfield code="t">NOLOAN</subfield>
   <subfield code="v">τομ.31;τεύχ.365-366:(Μήνες)Ιούλ./Αύγ.;(Έτος)2007</subfield>
   <subfield code="y">23</subfield>
  </datafield>
  <datafield tag="852" ind1=" " ind2=" ">
   <subfield code="a">INST</subfield>
   <subfield code="b">UNIPILB</subfield>
   <subfield code="c">SERIALS</subfield>
   <subfield code="e">20071018</subfield>
   <subfield code="h">Αλφαβητική σειρά</subfield>
   <subfield code="p">57619</subfield>
   <subfield code="q">57619</subfield>
   <subfield code="t">NOLOAN</subfield>
   <subfield code="v">τομ.31;τεύχ.367:(Μήνας)Σεπτέμβριος;(Έτος)2007</subfield>
   <subfield code="y">23</subfield>
  </datafield>
  <datafield tag="852" ind1=" " ind2=" ">
   <subfield code="a">INST</subfield>
   <subfield code="b">UNIPILB</subfield>
   <subfield code="c">SERIALS</subfield>
   <subfield code="e">20071018</subfield>
   <subfield code="h">Αλφαβητική σειρά</subfield>
   <subfield code="p">57628</subfield>
   <subfield code="q">57628</subfield>
   <subfield code="t">NOLOAN</subfield>
   <subfield code="v">τομ.31;τεύχ.368:(Μήνας)Οκτώβριος;(Έτος)2007</subfield>
   <subfield code="y">23</subfield>
  </datafield>
  <datafield tag="852" ind1=" " ind2=" ">
   <subfield code="a">INST</subfield>
   <subfield code="b">UNIPILB</subfield>
   <subfield code="c">SERIALS</subfield>
   <subfield code="e">20071113</subfield>
   <subfield code="h">Αλφαβητική σειρά</subfield>
   <subfield code="p">58354</subfield>
   <subfield code="q">58354</subfield>
   <subfield code="t">NOLOAN</subfield>
   <subfield code="v">τομ.31;τεύχ.369:(Μήνας)Νοέμβριος;(Έτος)2007</subfield>
   <subfield code="y">23</subfield>
  </datafield>
  <datafield tag="852" ind1=" " ind2=" ">
   <subfield code="a">INST</subfield>
   <subfield code="b">UNIPILB</subfield>
   <subfield code="c">SERIALS</subfield>
   <subfield code="e">20080108</subfield>
   <subfield code="h">Αλφαβητική σειρά</subfield>
   <subfield code="p">59265</subfield>
   <subfield code="q">59265</subfield>
   <subfield code="t">NOLOAN</subfield>
   <subfield code="v">τομ.31;τεύχ.370:(Μήνας)Δεκέμβριος;(Έτος)2007</subfield>
   <subfield code="y">23</subfield>
  </datafield>
  <datafield tag="852" ind1=" " ind2=" ">
   <subfield code="a">INST</subfield>
   <subfield code="b">UNIPILB</subfield>
   <subfield code="c">SERIALS</subfield>
   <subfield code="e">20080111</subfield>
   <subfield code="h">Αλφαβητική σειρά</subfield>
   <subfield code="p">59416</subfield>
   <subfield code="q">59416</subfield>
   <subfield code="t">NOLOAN</subfield>
   <subfield code="v">τομ.32;τεύχ.371:(Μήνας)Ιανουάριος;(Έτος)2008</subfield>
   <subfield code="y">23</subfield>
  </datafield>
  <datafield tag="852" ind1=" " ind2=" ">
   <subfield code="a">INST</subfield>
   <subfield code="b">UNIPILB</subfield>
   <subfield code="c">SERIALS</subfield>
   <subfield code="e">20080215</subfield>
   <subfield code="h">Αλφαβητική σειρά</subfield>
   <subfield code="p">59734</subfield>
   <subfield code="q">59734</subfield>
   <subfield code="t">NOLOAN</subfield>
   <subfield code="v">τομ.32;τεύχ.372:(Μήνας)Φεβρουάριος;(Έτος)2008</subfield>
   <subfield code="y">23</subfield>
  </datafield>
  <datafield tag="852" ind1=" " ind2=" ">
   <subfield code="a">INST</subfield>
   <subfield code="b">UNIPILB</subfield>
   <subfield code="c">SERIALS</subfield>
   <subfield code="e">20080314</subfield>
   <subfield code="h">Αλφαβητική σειρά</subfield>
   <subfield code="p">60182</subfield>
   <subfield code="q">60182</subfield>
   <subfield code="t">NOLOAN</subfield>
   <subfield code="v">τομ.32;τεύχ.373:(Μήνας)Μάρτιος;(Έτος)2008</subfield>
   <subfield code="y">23</subfield>
  </datafield>
  <datafield tag="852" ind1=" " ind2=" ">
   <subfield code="a">INST</subfield>
   <subfield code="b">UNIPILB</subfield>
   <subfield code="c">SERIALS</subfield>
   <subfield code="e">20080417</subfield>
   <subfield code="h">Αλφαβητική σειρά</subfield>
   <subfield code="p">60544</subfield>
   <subfield code="q">60544</subfield>
   <subfield code="t">NOLOAN</subfield>
   <subfield code="v">τομ.32;τεύχ.374:(Μήνας)Απρίλιος;(Έτος)2008</subfield>
   <subfield code="y">23</subfield>
  </datafield>
  <datafield tag="852" ind1=" " ind2=" ">
   <subfield code="a">INST</subfield>
   <subfield code="b">UNIPILB</subfield>
   <subfield code="c">SERIALS</subfield>
   <subfield code="e">20080529</subfield>
   <subfield code="h">Αλφαβητική σειρά</subfield>
   <subfield code="p">60649</subfield>
   <subfield code="q">60649</subfield>
   <subfield code="t">NOLOAN</subfield>
   <subfield code="v">τομ.32;τεύχ.375:(Μήνας)Μάιος;(Έτος)2008</subfield>
   <subfield code="y">23</subfield>
  </datafield>
  <datafield tag="852" ind1=" " ind2=" ">
   <subfield code="a">INST</subfield>
   <subfield code="b">UNIPILB</subfield>
   <subfield code="c">SERIALS</subfield>
   <subfield code="e">20080624</subfield>
   <subfield code="h">Αλφαβητική σειρά</subfield>
   <subfield code="p">60830</subfield>
   <subfield code="q">60830</subfield>
   <subfield code="t">NOLOAN</subfield>
   <subfield code="v">τομ.32;τεύχ.376:(Μήνας)Ιούνιος;(Έτος)2008</subfield>
   <subfield code="y">23</subfield>
  </datafield>
  <datafield tag="852" ind1=" " ind2=" ">
   <subfield code="a">INST</subfield>
   <subfield code="b">UNIPILB</subfield>
   <subfield code="c">SERIALS</subfield>
   <subfield code="e">20080715</subfield>
   <subfield code="h">Αλφαβητική σειρά</subfield>
   <subfield code="p">61052</subfield>
   <subfield code="q">61052</subfield>
   <subfield code="t">NOLOAN</subfield>
   <subfield code="v">τομ.32;τεύχ.377:(Μήνες)Ιούλ./Αύγ.;(Έτος)2008</subfield>
   <subfield code="y">23</subfield>
  </datafield>
  <datafield tag="852" ind1=" " ind2=" ">
   <subfield code="a">INST</subfield>
   <subfield code="b">UNIPILB</subfield>
   <subfield code="c">SERIALS</subfield>
   <subfield code="e">20081118</subfield>
   <subfield code="h">Αλφαβητική σειρά</subfield>
   <subfield code="p">62101</subfield>
   <subfield code="q">62101</subfield>
   <subfield code="t">NOLOAN</subfield>
   <subfield code="v">τομ.32;τεύχ.379:(Μήνας)Οκτώβριος;(Έτος)2008</subfield>
   <subfield code="y">23</subfield>
  </datafield>
  <datafield tag="852" ind1=" " ind2=" ">
   <subfield code="a">INST</subfield>
   <subfield code="b">UNIPILB</subfield>
   <subfield code="c">SERIALS</subfield>
   <subfield code="e">20081125</subfield>
   <subfield code="h">Αλφαβητική σειρά</subfield>
   <subfield code="p">62134</subfield>
   <subfield code="q">62134</subfield>
   <subfield code="t">NOLOAN</subfield>
   <subfield code="v">τομ.32;τεύχ.380:(Μήνας)Νοέμβριος;(Έτος)2008</subfield>
   <subfield code="y">23</subfield>
  </datafield>
  <datafield tag="852" ind1=" " ind2=" ">
   <subfield code="a">INST</subfield>
   <subfield code="b">UNIPILB</subfield>
   <subfield code="c">SERIALS</subfield>
   <subfield code="e">20081219</subfield>
   <subfield code="h">Αλφαβητική σειρά</subfield>
   <subfield code="p">62313</subfield>
   <subfield code="q">62313</subfield>
   <subfield code="t">NOLOAN</subfield>
   <subfield code="v">τομ.32;τεύχ.381:(Μήνας)Δεκέμβριος;(Έτος)2008</subfield>
   <subfield code="y">23</subfield>
  </datafield>
  <datafield tag="852" ind1=" " ind2=" ">
   <subfield code="a">INST</subfield>
   <subfield code="b">UNIPILB</subfield>
   <subfield code="c">SERIALS</subfield>
   <subfield code="e">20090202</subfield>
   <subfield code="h">Αλφαβητική σειρά</subfield>
   <subfield code="p">62655</subfield>
   <subfield code="q">62655</subfield>
   <subfield code="t">NOLOAN</subfield>
   <subfield code="v">τομ.32;τεύχ.378:(Μήνας)Σεπτέμβριος;(Έτος)2008</subfield>
   <subfield code="y">23</subfield>
  </datafield>
  <datafield tag="852" ind1=" " ind2=" ">
   <subfield code="a">INST</subfield>
   <subfield code="b">UNIPILB</subfield>
   <subfield code="c">SERIALS</subfield>
   <subfield code="e">20090216</subfield>
   <subfield code="h">Αλφαβητική σειρά</subfield>
   <subfield code="p">62924</subfield>
   <subfield code="q">62924</subfield>
   <subfield code="t">NOLOAN</subfield>
   <subfield code="v">τομ.33;τεύχ.382:(Μήνας)Ιανουάριος;(Έτος)2009</subfield>
   <subfield code="y">23</subfield>
  </datafield>
  <datafield tag="852" ind1=" " ind2=" ">
   <subfield code="a">INST</subfield>
   <subfield code="b">UNIPILB</subfield>
   <subfield code="c">SERIALS</subfield>
   <subfield code="e">20090216</subfield>
   <subfield code="h">Αλφαβητική σειρά</subfield>
   <subfield code="p">62925</subfield>
   <subfield code="q">62925</subfield>
   <subfield code="t">NOLOAN</subfield>
   <subfield code="v">τομ.33;τεύχ.383:(Μήνας)Φεβρουάριος;(Έτος)2009</subfield>
   <subfield code="y">23</subfield>
  </datafield>
  <datafield tag="852" ind1=" " ind2=" ">
   <subfield code="a">INST</subfield>
   <subfield code="b">UNIPILB</subfield>
   <subfield code="c">SERIALS</subfield>
   <subfield code="e">20090317</subfield>
   <subfield code="h">Αλφαβητική σειρά</subfield>
   <subfield code="p">63594</subfield>
   <subfield code="q">63594</subfield>
   <subfield code="t">NOLOAN</subfield>
   <subfield code="v">τομ.33;τεύχ.384:(Μήνας)Μάρτιος;(Έτος)2009</subfield>
   <subfield code="y">23</subfield>
  </datafield>
  <datafield tag="852" ind1=" " ind2=" ">
   <subfield code="a">INST</subfield>
   <subfield code="b">UNIPILB</subfield>
   <subfield code="c">SERIALS</subfield>
   <subfield code="e">20090512</subfield>
   <subfield code="h">Αλφαβητική σειρά</subfield>
   <subfield code="p">64053</subfield>
   <subfield code="q">64053</subfield>
   <subfield code="t">NOLOAN</subfield>
   <subfield code="v">τομ.33;τεύχ.385:(Μήνας)Απρίλιος;(Έτος)2009</subfield>
   <subfield code="y">23</subfield>
  </datafield>
  <datafield tag="852" ind1=" " ind2=" ">
   <subfield code="a">INST</subfield>
   <subfield code="b">UNIPILB</subfield>
   <subfield code="c">SERIALS</subfield>
   <subfield code="e">20090518</subfield>
   <subfield code="h">Αλφαβητική σειρά</subfield>
   <subfield code="p">64107</subfield>
   <subfield code="q">64107</subfield>
   <subfield code="t">NOLOAN</subfield>
   <subfield code="v">τομ.33;τεύχ.386:(Μήνας)Μάιος;(Έτος)2009</subfield>
   <subfield code="y">23</subfield>
  </datafield>
  <datafield tag="852" ind1=" " ind2=" ">
   <subfield code="a">INST</subfield>
   <subfield code="b">UNIPILB</subfield>
   <subfield code="c">SERIALS</subfield>
   <subfield code="e">20090629</subfield>
   <subfield code="h">Αλφαβητική σειρά</subfield>
   <subfield code="p">64320</subfield>
   <subfield code="q">64320</subfield>
   <subfield code="t">NOLOAN</subfield>
   <subfield code="v">τομ.33;τεύχ.387:(Μήνας)Ιούνιος;(Έτος)2009</subfield>
   <subfield code="y">23</subfield>
  </datafield>
  <datafield tag="852" ind1=" " ind2=" ">
   <subfield code="a">INST</subfield>
   <subfield code="b">UNIPILB</subfield>
   <subfield code="c">SERIALS</subfield>
   <subfield code="e">20090710</subfield>
   <subfield code="h">Αλφαβητική σειρά</subfield>
   <subfield code="p">64394</subfield>
   <subfield code="q">64394</subfield>
   <subfield code="t">NOLOAN</subfield>
   <subfield code="v">τομ.33;τεύχ.388:(Μήνες)Ιούλ./Αύγ.;(Έτος)2009</subfield>
   <subfield code="y">23</subfield>
  </datafield>
  <datafield tag="852" ind1=" " ind2=" ">
   <subfield code="a">INST</subfield>
   <subfield code="b">UNIPILB</subfield>
   <subfield code="c">SERIALS</subfield>
   <subfield code="e">20090921</subfield>
   <subfield code="h">Αλφαβητική σειρά</subfield>
   <subfield code="p">64695</subfield>
   <subfield code="q">64695</subfield>
   <subfield code="t">NOLOAN</subfield>
   <subfield code="v">τομ.33;τεύχ.389:(Μήνας)Σεπτέμβριος;(Έτος)2009</subfield>
   <subfield code="y">23</subfield>
  </datafield>
  <datafield tag="852" ind1=" " ind2=" ">
   <subfield code="a">INST</subfield>
   <subfield code="b">UNIPILB</subfield>
   <subfield code="c">SERIALS</subfield>
   <subfield code="e">20091111</subfield>
   <subfield code="h">Αλφαβητική σειρά</subfield>
   <subfield code="p">65361</subfield>
   <subfield code="q">65361</subfield>
   <subfield code="t">NOLOAN</subfield>
   <subfield code="v">τομ.33;τεύχ.390:(Μήνας)Οκτώβριος;(Έτος)2009</subfield>
   <subfield code="y">23</subfield>
  </datafield>
  <datafield tag="852" ind1=" " ind2=" ">
   <subfield code="a">INST</subfield>
   <subfield code="b">UNIPILB</subfield>
   <subfield code="c">SERIALS</subfield>
   <subfield code="e">20091204</subfield>
   <subfield code="h">Αλφαβητική σειρά</subfield>
   <subfield code="p">65654</subfield>
   <subfield code="q">65654</subfield>
   <subfield code="t">NOLOAN</subfield>
   <subfield code="v">τομ.33;τεύχ.391:(Μήνας)Νοέμβριος;(Έτος)2009</subfield>
   <subfield code="y">23</subfield>
  </datafield>
  <datafield tag="852" ind1=" " ind2=" ">
   <subfield code="a">INST</subfield>
   <subfield code="b">UNIPILB</subfield>
   <subfield code="c">SERIALS</subfield>
   <subfield code="e">20100114</subfield>
   <subfield code="h">Αλφαβητική σειρά</subfield>
   <subfield code="p">66221</subfield>
   <subfield code="q">66221</subfield>
   <subfield code="t">NOLOAN</subfield>
   <subfield code="v">τομ.33;τεύχ.392:(Μήνας)Δεκέμβριος;(Έτος)2009</subfield>
   <subfield code="y">23</subfield>
  </datafield>
  <datafield tag="852" ind1=" " ind2=" ">
   <subfield code="a">INST</subfield>
   <subfield code="b">UNIPILB</subfield>
   <subfield code="c">SERIALS</subfield>
   <subfield code="e">20100118</subfield>
   <subfield code="h">Αλφαβητική σειρά</subfield>
   <subfield code="p">66289</subfield>
   <subfield code="q">66289</subfield>
   <subfield code="t">NOLOAN</subfield>
   <subfield code="v">τομ.34;τεύχ.393:(Μήνας)Ιανουάριος;(Έτος)2010</subfield>
   <subfield code="y">23</subfield>
  </datafield>
  <datafield tag="852" ind1=" " ind2=" ">
   <subfield code="a">INST</subfield>
   <subfield code="b">UNIPILB</subfield>
   <subfield code="c">SERIALS</subfield>
   <subfield code="e">20100308</subfield>
   <subfield code="h">Αλφαβητική σειρά</subfield>
   <subfield code="p">67261</subfield>
   <subfield code="q">67261</subfield>
   <subfield code="t">NOLOAN</subfield>
   <subfield code="v">τομ.34;τεύχ.394:(Μήνας)Φεβρουάριος;(Έτος)2010</subfield>
   <subfield code="y">23</subfield>
  </datafield>
  <datafield tag="852" ind1=" " ind2=" ">
   <subfield code="a">INST</subfield>
   <subfield code="b">UNIPILB</subfield>
   <subfield code="c">SERIALS</subfield>
   <subfield code="e">20100419</subfield>
   <subfield code="h">Αλφαβητική σειρά</subfield>
   <subfield code="p">67922</subfield>
   <subfield code="q">67922</subfield>
   <subfield code="t">NOLOAN</subfield>
   <subfield code="v">τομ.34;τεύχ.395:(Μήνας)Μάρτιος;(Έτος)2010</subfield>
   <subfield code="y">23</subfield>
  </datafield>
  <datafield tag="852" ind1=" " ind2=" ">
   <subfield code="a">INST</subfield>
   <subfield code="b">UNIPILB</subfield>
   <subfield code="c">SERIALS</subfield>
   <subfield code="e">20100429</subfield>
   <subfield code="h">Αλφαβητική σειρά</subfield>
   <subfield code="p">67979</subfield>
   <subfield code="q">67979</subfield>
   <subfield code="t">NOLOAN</subfield>
   <subfield code="v">τομ.34;τεύχ.396:(Μήνας)Απρίλιος;(Έτος)2010</subfield>
   <subfield code="y">23</subfield>
  </datafield>
  <datafield tag="852" ind1=" " ind2=" ">
   <subfield code="a">INST</subfield>
   <subfield code="b">UNIPILB</subfield>
   <subfield code="c">SERIALS</subfield>
   <subfield code="e">20100610</subfield>
   <subfield code="h">Αλφαβητική σειρά</subfield>
   <subfield code="p">68334</subfield>
   <subfield code="q">68334</subfield>
   <subfield code="t">NOLOAN</subfield>
   <subfield code="v">τομ.34;τεύχ.397:(Μήνας)Μάιος;(Έτος)2010</subfield>
   <subfield code="y">23</subfield>
  </datafield>
  <datafield tag="852" ind1=" " ind2=" ">
   <subfield code="a">INST</subfield>
   <subfield code="b">UNIPILB</subfield>
   <subfield code="c">SERIALS</subfield>
   <subfield code="e">20100617</subfield>
   <subfield code="h">Αλφαβητική σειρά</subfield>
   <subfield code="p">68471</subfield>
   <subfield code="q">68471</subfield>
   <subfield code="t">NOLOAN</subfield>
   <subfield code="v">τομ.34;τεύχ.398:(Μήνας)Ιούνιος;(Έτος)2010</subfield>
   <subfield code="y">23</subfield>
  </datafield>
  <datafield tag="852" ind1=" " ind2=" ">
   <subfield code="a">INST</subfield>
   <subfield code="b">UNIPILB</subfield>
   <subfield code="c">SERIALS</subfield>
   <subfield code="e">20100909</subfield>
   <subfield code="h">Αλφαβητική σειρά</subfield>
   <subfield code="p">69802</subfield>
   <subfield code="q">69802</subfield>
   <subfield code="t">NOLOAN</subfield>
   <subfield code="v">τομ.34;τεύχ.399:(Μήνες)Ιούλ./Αύγ.;(Έτος)2010</subfield>
   <subfield code="y">23</subfield>
  </datafield>
  <datafield tag="852" ind1=" " ind2=" ">
   <subfield code="a">INST</subfield>
   <subfield code="b">UNIPILB</subfield>
   <subfield code="c">SERIALS</subfield>
   <subfield code="e">20100909</subfield>
   <subfield code="h">Αλφαβητική σειρά</subfield>
   <subfield code="p">69803</subfield>
   <subfield code="q">69803</subfield>
   <subfield code="t">NOLOAN</subfield>
   <subfield code="v">τομ.34;τεύχ.400:(Μήνας)Σεπτέμβριος;(Έτος)2010</subfield>
   <subfield code="y">23</subfield>
  </datafield>
  <datafield tag="852" ind1=" " ind2=" ">
   <subfield code="a">INST</subfield>
   <subfield code="b">UNIPILB</subfield>
   <subfield code="c">SERIALS</subfield>
   <subfield code="e">20101025</subfield>
   <subfield code="h">Αλφαβητική σειρά</subfield>
   <subfield code="p">70403</subfield>
   <subfield code="q">70403</subfield>
   <subfield code="t">NOLOAN</subfield>
   <subfield code="v">τομ.34;τεύχ.401:(Μήνας)Οκτώβριος;(Έτος)2010</subfield>
   <subfield code="y">23</subfield>
  </datafield>
  <datafield tag="852" ind1=" " ind2=" ">
   <subfield code="a">INST</subfield>
   <subfield code="b">UNIPILB</subfield>
   <subfield code="c">SERIALS</subfield>
   <subfield code="e">20101129</subfield>
   <subfield code="h">Αλφαβητική σειρά</subfield>
   <subfield code="p">70681</subfield>
   <subfield code="q">70681</subfield>
   <subfield code="t">NOLOAN</subfield>
   <subfield code="v">τομ.34;τεύχ.402:(Μήνας)Νοέμβριος;(Έτος)2010</subfield>
   <subfield code="y">23</subfield>
  </datafield>
  <datafield tag="852" ind1=" " ind2=" ">
   <subfield code="a">INST</subfield>
   <subfield code="b">UNIPILB</subfield>
   <subfield code="c">SERIALS</subfield>
   <subfield code="e">20101221</subfield>
   <subfield code="h">Αλφαβητική σειρά</subfield>
   <subfield code="p">70743</subfield>
   <subfield code="q">70743</subfield>
   <subfield code="t">NOLOAN</subfield>
   <subfield code="v">τομ.34;τεύχ.403:(Μήνας)Δεκέμβριος;(Έτος)2010</subfield>
   <subfield code="y">23</subfield>
  </datafield>
  <datafield tag="852" ind1=" " ind2=" ">
   <subfield code="a">INST</subfield>
   <subfield code="b">UNIPILB</subfield>
   <subfield code="c">SERIALS</subfield>
   <subfield code="e">20110121</subfield>
   <subfield code="h">Αλφαβητική σειρά</subfield>
   <subfield code="p">70875</subfield>
   <subfield code="q">70875</subfield>
   <subfield code="t">NOLOAN</subfield>
   <subfield code="v">τομ.35;τεύχ.404:(Μήνας)Ιανουάριος;(Έτος)2011</subfield>
   <subfield code="y">23</subfield>
  </datafield>
  <datafield tag="852" ind1=" " ind2=" ">
   <subfield code="a">INST</subfield>
   <subfield code="b">UNIPILB</subfield>
   <subfield code="c">SERIALS</subfield>
   <subfield code="e">20110228</subfield>
   <subfield code="h">Αλφαβητική σειρά</subfield>
   <subfield code="p">71226</subfield>
   <subfield code="q">71226</subfield>
   <subfield code="t">NOLOAN</subfield>
   <subfield code="v">τομ.35;τεύχ.405:(Μήνας)Φεβρουάριος;(Έτος)2011</subfield>
   <subfield code="y">23</subfield>
  </datafield>
  <datafield tag="852" ind1=" " ind2=" ">
   <subfield code="a">INST</subfield>
   <subfield code="b">UNIPILB</subfield>
   <subfield code="c">SERIALS</subfield>
   <subfield code="e">20110317</subfield>
   <subfield code="h">Αλφαβητική σειρά</subfield>
   <subfield code="p">71425</subfield>
   <subfield code="q">71425</subfield>
   <subfield code="t">NOLOAN</subfield>
   <subfield code="v">τομ.35;τεύχ.406:(Μήνας)Μάρτιος;(Έτος)2011</subfield>
   <subfield code="y">23</subfield>
  </datafield>
  <datafield tag="852" ind1=" " ind2=" ">
   <subfield code="a">INST</subfield>
   <subfield code="b">UNIPILB</subfield>
   <subfield code="c">SERIALS</subfield>
   <subfield code="e">20110420</subfield>
   <subfield code="h">Αλφαβητική σειρά</subfield>
   <subfield code="p">71693</subfield>
   <subfield code="q">71693</subfield>
   <subfield code="t">NOLOAN</subfield>
   <subfield code="v">τομ.35;τεύχ.407:(Μήνας)Απρίλιος;(Έτος)2011</subfield>
   <subfield code="y">23</subfield>
  </datafield>
  <datafield tag="852" ind1=" " ind2=" ">
   <subfield code="a">INST</subfield>
   <subfield code="b">UNIPILB</subfield>
   <subfield code="c">SERIALS</subfield>
   <subfield code="e">20110524</subfield>
   <subfield code="h">Αλφαβητική σειρά</subfield>
   <subfield code="p">71836</subfield>
   <subfield code="q">71836</subfield>
   <subfield code="t">NOLOAN</subfield>
   <subfield code="v">τομ.35;τεύχ.408:(Μήνας)Μάιος;(Έτος)2011</subfield>
   <subfield code="y">23</subfield>
  </datafield>
  <datafield tag="852" ind1=" " ind2=" ">
   <subfield code="a">INST</subfield>
   <subfield code="b">UNIPILB</subfield>
   <subfield code="c">SERIALS</subfield>
   <subfield code="e">20110627</subfield>
   <subfield code="h">Αλφαβητική σειρά</subfield>
   <subfield code="p">72062</subfield>
   <subfield code="q">72062</subfield>
   <subfield code="t">NOLOAN</subfield>
   <subfield code="v">τομ.35;τεύχ.409:(Μήνας)Ιούνιος;(Έτος)2011</subfield>
   <subfield code="y">23</subfield>
  </datafield>
  <datafield tag="852" ind1=" " ind2=" ">
   <subfield code="a">INST</subfield>
   <subfield code="b">UNIPILB</subfield>
   <subfield code="c">SERIALS</subfield>
   <subfield code="e">20110715</subfield>
   <subfield code="h">Αλφαβητική σειρά</subfield>
   <subfield code="p">72290</subfield>
   <subfield code="q">72290</subfield>
   <subfield code="t">NOLOAN</subfield>
   <subfield code="v">τομ.35;τεύχ.410:(Μήνες)Ιούλ./Αύγ.;(Έτος)2011</subfield>
   <subfield code="y">23</subfield>
  </datafield>
  <datafield tag="852" ind1=" " ind2=" ">
   <subfield code="a">INST</subfield>
   <subfield code="b">UNIPILB</subfield>
   <subfield code="c">SERIALS</subfield>
   <subfield code="e">20110923</subfield>
   <subfield code="h">Αλφαβητική σειρά</subfield>
   <subfield code="p">72702</subfield>
   <subfield code="q">72702</subfield>
   <subfield code="t">NOLOAN</subfield>
   <subfield code="v">τομ.35;τεύχ.411:(Μήνας)Σεπτέμβριος;(Έτος)2011</subfield>
   <subfield code="y">23</subfield>
  </datafield>
  <datafield tag="852" ind1=" " ind2=" ">
   <subfield code="a">INST</subfield>
   <subfield code="b">UNIPILB</subfield>
   <subfield code="c">SERIALS</subfield>
   <subfield code="e">20111101</subfield>
   <subfield code="h">Αλφαβητική σειρά</subfield>
   <subfield code="p">73204</subfield>
   <subfield code="q">73204</subfield>
   <subfield code="t">NOLOAN</subfield>
   <subfield code="v">τομ.35;τεύχ.412:(Μήνας)Οκτώβριος;(Έτος)2011</subfield>
   <subfield code="y">23</subfield>
  </datafield>
  <datafield tag="852" ind1=" " ind2=" ">
   <subfield code="a">INST</subfield>
   <subfield code="b">UNIPILB</subfield>
   <subfield code="c">SERIALS</subfield>
   <subfield code="e">20111221</subfield>
   <subfield code="h">Αλφαβητική σειρά</subfield>
   <subfield code="p">73883</subfield>
   <subfield code="q">73883</subfield>
   <subfield code="t">NOLOAN</subfield>
   <subfield code="v">τομ.35;τεύχ.414:(Μήνας)Δεκέμβριος;(Έτος)2011</subfield>
   <subfield code="y">23</subfield>
  </datafield>
  <datafield tag="852" ind1=" " ind2=" ">
   <subfield code="a">INST</subfield>
   <subfield code="b">UNIPILB</subfield>
   <subfield code="c">SERIALS</subfield>
   <subfield code="e">20120120</subfield>
   <subfield code="h">Αλφαβητική σειρά</subfield>
   <subfield code="p">74185</subfield>
   <subfield code="q">74185</subfield>
   <subfield code="t">NOLOAN</subfield>
   <subfield code="v">τομ.36;τεύχ.415:(Μήνας)Ιανουάριος;(Έτος)2012</subfield>
   <subfield code="y">23</subfield>
  </datafield>
  <datafield tag="852" ind1=" " ind2=" ">
   <subfield code="a">INST</subfield>
   <subfield code="b">UNIPILB</subfield>
   <subfield code="c">SERIALS</subfield>
   <subfield code="e">20120209</subfield>
   <subfield code="h">Αλφαβητική σειρά</subfield>
   <subfield code="p">74432</subfield>
   <subfield code="q">74432</subfield>
   <subfield code="t">NOLOAN</subfield>
   <subfield code="v">τομ.36;τεύχ.416:(Μήνας)Φεβρουάριος;(Έτος)2012</subfield>
   <subfield code="y">23</subfield>
  </datafield>
  <datafield tag="852" ind1=" " ind2=" ">
   <subfield code="a">INST</subfield>
   <subfield code="b">UNIPILB</subfield>
   <subfield code="c">SERIALS</subfield>
   <subfield code="e">20120307</subfield>
   <subfield code="h">Αλφαβητική σειρά</subfield>
   <subfield code="p">74840</subfield>
   <subfield code="q">74840</subfield>
   <subfield code="t">NOLOAN</subfield>
   <subfield code="v">τομ.35;τεύχ.413:(Μήνας)Νοέμβριος;(Έτος)2011</subfield>
   <subfield code="y">23</subfield>
  </datafield>
  <datafield tag="852" ind1=" " ind2=" ">
   <subfield code="a">INST</subfield>
   <subfield code="b">UNIPILB</subfield>
   <subfield code="c">SERIALS</subfield>
   <subfield code="e">20120314</subfield>
   <subfield code="h">Αλφαβητική σειρά</subfield>
   <subfield code="p">74879</subfield>
   <subfield code="q">74879</subfield>
   <subfield code="t">NOLOAN</subfield>
   <subfield code="v">τομ.36;τεύχ.417:(Μήνας)Μάρτιος;(Έτος)2012</subfield>
   <subfield code="y">23</subfield>
  </datafield>
  <datafield tag="852" ind1=" " ind2=" ">
   <subfield code="a">INST</subfield>
   <subfield code="b">UNIPILB</subfield>
   <subfield code="c">SERIALS</subfield>
   <subfield code="e">20120424</subfield>
   <subfield code="h">Αλφαβητική σειρά</subfield>
   <subfield code="p">75247</subfield>
   <subfield code="q">75247</subfield>
   <subfield code="t">NOLOAN</subfield>
   <subfield code="v">τομ.36;τεύχ.418:(Μήνας)Απρίλιος;(Έτος)2012</subfield>
   <subfield code="y">23</subfield>
  </datafield>
  <datafield tag="852" ind1=" " ind2=" ">
   <subfield code="a">INST</subfield>
   <subfield code="b">UNIPILB</subfield>
   <subfield code="c">SERIALS</subfield>
   <subfield code="e">20120511</subfield>
   <subfield code="h">Αλφαβητική σειρά</subfield>
   <subfield code="p">75392</subfield>
   <subfield code="q">75392</subfield>
   <subfield code="t">NOLOAN</subfield>
   <subfield code="v">τομ.36;τεύχ.419:(Μήνας)Μάιος;(Έτος)2012</subfield>
   <subfield code="y">23</subfield>
  </datafield>
  <datafield tag="852" ind1=" " ind2=" ">
   <subfield code="a">INST</subfield>
   <subfield code="b">UNIPILB</subfield>
   <subfield code="c">SERIALS</subfield>
   <subfield code="e">20120620</subfield>
   <subfield code="h">Αλφαβητική σειρά</subfield>
   <subfield code="p">75792</subfield>
   <subfield code="q">75792</subfield>
   <subfield code="t">NOLOAN</subfield>
   <subfield code="v">τομ.36;τεύχ.420:(Μήνας)Ιούνιος;(Έτος)2012</subfield>
   <subfield code="y">23</subfield>
  </datafield>
  <datafield tag="852" ind1=" " ind2=" ">
   <subfield code="a">INST</subfield>
   <subfield code="b">UNIPILB</subfield>
   <subfield code="c">SERIALS</subfield>
   <subfield code="e">20120711</subfield>
   <subfield code="h">Αλφαβητική σειρά</subfield>
   <subfield code="p">76041</subfield>
   <subfield code="q">76041</subfield>
   <subfield code="t">NOLOAN</subfield>
   <subfield code="v">τομ.36;τεύχ.421:(Μήνες)Ιουλ./Αυγ.;(Έτος)2012</subfield>
   <subfield code="y">23</subfield>
  </datafield>
  <datafield tag="852" ind1=" " ind2=" ">
   <subfield code="a">INST</subfield>
   <subfield code="b">UNIPILB</subfield>
   <subfield code="c">SERIALS</subfield>
   <subfield code="e">20120921</subfield>
   <subfield code="h">Αλφαβητική σειρά</subfield>
   <subfield code="p">76549</subfield>
   <subfield code="q">76549</subfield>
   <subfield code="t">NOLOAN</subfield>
   <subfield code="v">τομ.36;τεύχ.422:(Μήνας)Αύγουστος;(Έτος)2012</subfield>
   <subfield code="y">23</subfield>
  </datafield>
  <datafield tag="852" ind1=" " ind2=" ">
   <subfield code="a">INST</subfield>
   <subfield code="b">UNIPILB</subfield>
   <subfield code="c">SERIALS</subfield>
   <subfield code="e">20121016</subfield>
   <subfield code="h">Αλφαβητική σειρά</subfield>
   <subfield code="p">76902</subfield>
   <subfield code="q">76902</subfield>
   <subfield code="t">NOLOAN</subfield>
   <subfield code="v">τομ.36;τεύχ.423:(Μήνας)Οκτώβριος;(Έτος)2012</subfield>
   <subfield code="y">23</subfield>
  </datafield>
  <datafield tag="852" ind1=" " ind2=" ">
   <subfield code="a">INST</subfield>
   <subfield code="b">UNIPILB</subfield>
   <subfield code="c">SERIALS</subfield>
   <subfield code="e">20121122</subfield>
   <subfield code="h">Αλφαβητική σειρά</subfield>
   <subfield code="p">77139</subfield>
   <subfield code="q">77139</subfield>
   <subfield code="t">NOLOAN</subfield>
   <subfield code="v">τομ.36;τεύχ.424:(Μήνας)Νοέμβριος;(Έτος)2012</subfield>
   <subfield code="y">23</subfield>
  </datafield>
  <datafield tag="852" ind1=" " ind2=" ">
   <subfield code="a">INST</subfield>
   <subfield code="b">UNIPILB</subfield>
   <subfield code="c">SERIALS</subfield>
   <subfield code="e">20130108</subfield>
   <subfield code="h">Αλφαβητική σειρά</subfield>
   <subfield code="p">77433</subfield>
   <subfield code="q">77433</subfield>
   <subfield code="t">NOLOAN</subfield>
   <subfield code="v">τομ.36;τεύχ.425:(Μήνας)Δεκέμβριος;(Έτος)2012</subfield>
   <subfield code="y">23</subfield>
  </datafield>
  <datafield tag="852" ind1=" " ind2=" ">
   <subfield code="a">INST</subfield>
   <subfield code="b">UNIPILB</subfield>
   <subfield code="c">SERIALS</subfield>
   <subfield code="e">20130116</subfield>
   <subfield code="h">Αλφαβητική σειρά</subfield>
   <subfield code="p">77509</subfield>
   <subfield code="q">77509</subfield>
   <subfield code="t">NOLOAN</subfield>
   <subfield code="v">τομ.37;τεύχ.426:(Μήνας)Ιανουάριος;(Έτος)2013</subfield>
   <subfield code="y">23</subfield>
  </datafield>
  <datafield tag="852" ind1=" " ind2=" ">
   <subfield code="a">INST</subfield>
   <subfield code="b">UNIPILB</subfield>
   <subfield code="c">SERIALS</subfield>
   <subfield code="e">20130222</subfield>
   <subfield code="h">Αλφαβητική σειρά</subfield>
   <subfield code="p">78148</subfield>
   <subfield code="q">78148</subfield>
   <subfield code="t">NOLOAN</subfield>
   <subfield code="v">τομ.37;τεύχ.427:(Μήνας)Φεβρουάριος;(Έτος)2013</subfield>
   <subfield code="y">23</subfield>
  </datafield>
  <datafield tag="852" ind1=" " ind2=" ">
   <subfield code="a">INST</subfield>
   <subfield code="b">UNIPILB</subfield>
   <subfield code="c">SERIALS</subfield>
   <subfield code="e">20130319</subfield>
   <subfield code="h">Αλφαβητική σειρά</subfield>
   <subfield code="p">78460</subfield>
   <subfield code="q">78460</subfield>
   <subfield code="t">NOLOAN</subfield>
   <subfield code="v">τομ.37;τεύχ.428:(Μήνας)Μάρτιος;(Έτος)2013</subfield>
   <subfield code="y">23</subfield>
  </datafield>
  <datafield tag="852" ind1=" " ind2=" ">
   <subfield code="a">INST</subfield>
   <subfield code="b">UNIPILB</subfield>
   <subfield code="c">SERIALS</subfield>
   <subfield code="e">20130405</subfield>
   <subfield code="h">Αλφαβητική σειρά</subfield>
   <subfield code="p">78834</subfield>
   <subfield code="q">78834</subfield>
   <subfield code="t">NOLOAN</subfield>
   <subfield code="v">τομ.37;τεύχ.429:(Μήνας)Απρίλιος;(Έτος)2013</subfield>
   <subfield code="y">23</subfield>
  </datafield>
  <datafield tag="852" ind1=" " ind2=" ">
   <subfield code="a">INST</subfield>
   <subfield code="b">UNIPILB</subfield>
   <subfield code="c">SERIALS</subfield>
   <subfield code="e">20130513</subfield>
   <subfield code="h">Αλφαβητική σειρά</subfield>
   <subfield code="p">79457</subfield>
   <subfield code="q">79457</subfield>
   <subfield code="t">NOLOAN</subfield>
   <subfield code="v">τομ.37;τεύχ.430:(Μήνας)Μάιος;(Έτος)2013</subfield>
   <subfield code="y">23</subfield>
  </datafield>
  <datafield tag="852" ind1=" " ind2=" ">
   <subfield code="a">INST</subfield>
   <subfield code="b">UNIPILB</subfield>
   <subfield code="c">SERIALS</subfield>
   <subfield code="e">20130612</subfield>
   <subfield code="h">Αλφαβητική σειρά</subfield>
   <subfield code="p">80057</subfield>
   <subfield code="q">80057</subfield>
   <subfield code="t">NOLOAN</subfield>
   <subfield code="v">τομ.37;τεύχ.431:(Μήνας)Ιούνιος;(Έτος)2013</subfield>
   <subfield code="y">23</subfield>
  </datafield>
  <datafield tag="852" ind1=" " ind2=" ">
   <subfield code="a">INST</subfield>
   <subfield code="b">UNIPILB</subfield>
   <subfield code="c">SERIALS</subfield>
   <subfield code="e">20130715</subfield>
   <subfield code="h">Αλφαβητική σειρά</subfield>
   <subfield code="p">80522</subfield>
   <subfield code="q">80522</subfield>
   <subfield code="t">NOLOAN</subfield>
   <subfield code="v">τομ.37;τεύχ.432:(Μήνες)Ιουλ.-Αυγ.;(Έτος)2013</subfield>
   <subfield code="y">23</subfield>
  </datafield>
  <datafield tag="852" ind1=" " ind2=" ">
   <subfield code="a">INST</subfield>
   <subfield code="b">UNIPILB</subfield>
   <subfield code="c">SERIALS</subfield>
   <subfield code="e">20130917</subfield>
   <subfield code="h">Αλφαβητική σειρά</subfield>
   <subfield code="p">80880</subfield>
   <subfield code="q">80880</subfield>
   <subfield code="t">NOLOAN</subfield>
   <subfield code="v">τομ.37;τεύχ.433:(Μήνας)Σεπτέμβριος;(Έτος)2013</subfield>
   <subfield code="y">23</subfield>
  </datafield>
  <datafield tag="852" ind1=" " ind2=" ">
   <subfield code="a">INST</subfield>
   <subfield code="b">UNIPILB</subfield>
   <subfield code="c">SERIALS</subfield>
   <subfield code="e">20131014</subfield>
   <subfield code="h">Αλφαβητική σειρά</subfield>
   <subfield code="p">81069</subfield>
   <subfield code="q">81069</subfield>
   <subfield code="t">NOLOAN</subfield>
   <subfield code="v">τομ.37;τεύχ.434:(Μήνας)Οκτώβριος;(Έτος)2013</subfield>
   <subfield code="y">23</subfield>
  </datafield>
  <datafield tag="852" ind1=" " ind2=" ">
   <subfield code="a">INST</subfield>
   <subfield code="b">UNIPILB</subfield>
   <subfield code="c">SERIALS</subfield>
   <subfield code="e">20131114</subfield>
   <subfield code="h">Αλφαβητική σειρά</subfield>
   <subfield code="p">81334</subfield>
   <subfield code="q">81334</subfield>
   <subfield code="t">NOLOAN</subfield>
   <subfield code="v">τομ.37;τεύχ.435:(Μήνας)Νοέμβριος;(Έτος)2013</subfield>
   <subfield code="y">23</subfield>
  </datafield>
  <datafield tag="852" ind1=" " ind2=" ">
   <subfield code="a">INST</subfield>
   <subfield code="b">UNIPILB</subfield>
   <subfield code="c">SERIALS</subfield>
   <subfield code="e">20131219</subfield>
   <subfield code="h">Αλφαβητική σειρά</subfield>
   <subfield code="p">81669</subfield>
   <subfield code="q">81669</subfield>
   <subfield code="t">NOLOAN</subfield>
   <subfield code="v">τομ.37;τεύχ.436:(Μήνας)Δεκέμβριος;(Έτος)2013</subfield>
   <subfield code="y">23</subfield>
  </datafield>
  <datafield tag="852" ind1=" " ind2=" ">
   <subfield code="a">INST</subfield>
   <subfield code="b">UNIPILB</subfield>
   <subfield code="c">SERIALS</subfield>
   <subfield code="e">20140129</subfield>
   <subfield code="h">Αλφαβητική σειρά</subfield>
   <subfield code="p">81954</subfield>
   <subfield code="q">81954</subfield>
   <subfield code="t">NOLOAN</subfield>
   <subfield code="v">τομ.38;τεύχ.437:(Μήνας)Ιανουάριος;(Έτος)2014</subfield>
   <subfield code="y">23</subfield>
  </datafield>
  <datafield tag="852" ind1=" " ind2=" ">
   <subfield code="a">INST</subfield>
   <subfield code="b">UNIPILB</subfield>
   <subfield code="c">SERIALS</subfield>
   <subfield code="e">20140211</subfield>
   <subfield code="h">Αλφαβητική σειρά</subfield>
   <subfield code="p">82015</subfield>
   <subfield code="q">82015</subfield>
   <subfield code="t">NOLOAN</subfield>
   <subfield code="v">τομ.38;τεύχ.438:(Μήνας)Φεβρουάριος;(Έτος)2014</subfield>
   <subfield code="y">23</subfield>
  </datafield>
  <datafield tag="852" ind1=" " ind2=" ">
   <subfield code="a">INST</subfield>
   <subfield code="b">UNIPILB</subfield>
   <subfield code="c">SERIALS</subfield>
   <subfield code="e">20140331</subfield>
   <subfield code="h">Αλφαβητική σειρά</subfield>
   <subfield code="p">82644</subfield>
   <subfield code="q">82644</subfield>
   <subfield code="t">NOLOAN</subfield>
   <subfield code="v">τομ.38;τεύχ.439:(Μήνας)Μάρτιος;(Έτος)2014</subfield>
   <subfield code="y">23</subfield>
  </datafield>
  <datafield tag="852" ind1=" " ind2=" ">
   <subfield code="a">INST</subfield>
   <subfield code="b">UNIPILB</subfield>
   <subfield code="c">SERIALS</subfield>
   <subfield code="e">20140407</subfield>
   <subfield code="h">Αλφαβητική σειρά</subfield>
   <subfield code="p">82734</subfield>
   <subfield code="q">82734</subfield>
   <subfield code="t">NOLOAN</subfield>
   <subfield code="v">τομ.38;τεύχ.440:(Μήνας)Απρίλιος;(Έτος)2014</subfield>
   <subfield code="y">23</subfield>
  </datafield>
  <datafield tag="852" ind1=" " ind2=" ">
   <subfield code="a">INST</subfield>
   <subfield code="b">UNIPILB</subfield>
   <subfield code="c">SERIALS</subfield>
   <subfield code="e">20140515</subfield>
   <subfield code="h">Αλφαβητική σειρά</subfield>
   <subfield code="p">83162</subfield>
   <subfield code="q">83162</subfield>
   <subfield code="t">NOLOAN</subfield>
   <subfield code="v">τομ.38;τεύχ.441:(Μήνας)Μάιος;(Έτος)2014</subfield>
   <subfield code="y">23</subfield>
  </datafield>
  <datafield tag="852" ind1=" " ind2=" ">
   <subfield code="a">INST</subfield>
   <subfield code="b">UNIPILB</subfield>
   <subfield code="c">SERIALS</subfield>
   <subfield code="e">20140617</subfield>
   <subfield code="h">Αλφαβητική σειρά</subfield>
   <subfield code="p">83636</subfield>
   <subfield code="q">83636</subfield>
   <subfield code="t">NOLOAN</subfield>
   <subfield code="v">τομ.38;τεύχ.442:(Μήνας)Ιούνιος;(Έτος)2014</subfield>
   <subfield code="y">23</subfield>
  </datafield>
  <datafield tag="852" ind1=" " ind2=" ">
   <subfield code="a">INST</subfield>
   <subfield code="b">UNIPILB</subfield>
   <subfield code="c">SERIALS</subfield>
   <subfield code="e">20140714</subfield>
   <subfield code="h">Αλφαβητική σειρά</subfield>
   <subfield code="p">84301</subfield>
   <subfield code="q">84301</subfield>
   <subfield code="t">NOLOAN</subfield>
   <subfield code="v">τομ.38;τεύχ.443:(Μήνας)Ιούλιος;(Έτος)2014</subfield>
   <subfield code="y">23</subfield>
  </datafield>
  <datafield tag="852" ind1=" " ind2=" ">
   <subfield code="a">INST</subfield>
   <subfield code="b">UNIPILB</subfield>
   <subfield code="c">SERIALS</subfield>
   <subfield code="e">20140916</subfield>
   <subfield code="h">Αλφαβητική σειρά</subfield>
   <subfield code="p">85018</subfield>
   <subfield code="q">85018</subfield>
   <subfield code="t">NOLOAN</subfield>
   <subfield code="v">τομ.38;τεύχ.444:(Μήνας)Σεπτέμβριος;(Έτος)2014</subfield>
   <subfield code="y">23</subfield>
  </datafield>
  <datafield tag="852" ind1=" " ind2=" ">
   <subfield code="a">INST</subfield>
   <subfield code="b">UNIPILB</subfield>
   <subfield code="c">SERIALS</subfield>
   <subfield code="e">20141016</subfield>
   <subfield code="h">Αλφαβητική σειρά</subfield>
   <subfield code="p">85263</subfield>
   <subfield code="q">85263</subfield>
   <subfield code="t">NOLOAN</subfield>
   <subfield code="v">τομ.38;τεύχ.445:(Μήνας)Οκτώβριος;(Έτος)2014</subfield>
   <subfield code="y">23</subfield>
  </datafield>
  <datafield tag="852" ind1=" " ind2=" ">
   <subfield code="a">INST</subfield>
   <subfield code="b">UNIPILB</subfield>
   <subfield code="c">SERIALS</subfield>
   <subfield code="e">20141110</subfield>
   <subfield code="h">Αλφαβητική σειρά</subfield>
   <subfield code="p">85311</subfield>
   <subfield code="q">85311</subfield>
   <subfield code="t">NOLOAN</subfield>
   <subfield code="v">τομ.38;τεύχ.446:(Μήνας)Νοέμβριος;(Έτος)2014</subfield>
   <subfield code="y">23</subfield>
  </datafield>
  <datafield tag="852" ind1=" " ind2=" ">
   <subfield code="a">INST</subfield>
   <subfield code="b">UNIPILB</subfield>
   <subfield code="c">SERIALS</subfield>
   <subfield code="e">20150121</subfield>
   <subfield code="h">Αλφαβητική σειρά</subfield>
   <subfield code="p">85595</subfield>
   <subfield code="q">85595</subfield>
   <subfield code="t">NOLOAN</subfield>
   <subfield code="v">τομ.39;τεύχ.448:(Μήνας)Ιανουάριος;(Έτος)2015</subfield>
   <subfield code="y">23</subfield>
  </datafield>
  <datafield tag="852" ind1=" " ind2=" ">
   <subfield code="a">INST</subfield>
   <subfield code="b">UNIPILB</subfield>
   <subfield code="c">SERIALS</subfield>
   <subfield code="e">20150210</subfield>
   <subfield code="h">Αλφαβητική σειρά</subfield>
   <subfield code="p">85718</subfield>
   <subfield code="q">85718</subfield>
   <subfield code="t">NOLOAN</subfield>
   <subfield code="v">τομ.39;τεύχ.449:(Μήνας)Φεβρουάριος;(Έτος)2015</subfield>
   <subfield code="y">23</subfield>
  </datafield>
  <datafield tag="852" ind1=" " ind2=" ">
   <subfield code="a">INST</subfield>
   <subfield code="b">UNIPILB</subfield>
   <subfield code="c">SERIALS</subfield>
   <subfield code="e">20150210</subfield>
   <subfield code="h">Αλφαβητική σειρά</subfield>
   <subfield code="p">85719</subfield>
   <subfield code="q">85719</subfield>
   <subfield code="t">NOLOAN</subfield>
   <subfield code="v">τομ.38;τεύχ.447:(Μήνας)Δεκέμβριος;(Έτος)2014</subfield>
   <subfield code="y">23</subfield>
  </datafield>
  <datafield tag="852" ind1=" " ind2=" ">
   <subfield code="a">INST</subfield>
   <subfield code="b">UNIPILB</subfield>
   <subfield code="c">SERIALS</subfield>
   <subfield code="e">20150324</subfield>
   <subfield code="h">Αλφαβητική σειρά</subfield>
   <subfield code="p">86139</subfield>
   <subfield code="q">86139</subfield>
   <subfield code="t">NOLOAN</subfield>
   <subfield code="v">τομ.39;τεύχ.450:(Μήνας)Μάρτιος;(Έτος)2015</subfield>
   <subfield code="y">23</subfield>
  </datafield>
  <datafield tag="852" ind1=" " ind2=" ">
   <subfield code="a">INST</subfield>
   <subfield code="b">UNIPILB</subfield>
   <subfield code="c">SERIALS</subfield>
   <subfield code="e">20150427</subfield>
   <subfield code="h">Αλφαβητική σειρά</subfield>
   <subfield code="p">86307</subfield>
   <subfield code="q">86307</subfield>
   <subfield code="t">NOLOAN</subfield>
   <subfield code="v">τομ.39;τεύχ.451:(Μήνας)Απρίλιος;(Έτος)2015</subfield>
   <subfield code="y">23</subfield>
  </datafield>
  <datafield tag="852" ind1=" " ind2=" ">
   <subfield code="a">INST</subfield>
   <subfield code="b">UNIPILB</subfield>
   <subfield code="c">SERIALS</subfield>
   <subfield code="e">20150513</subfield>
   <subfield code="h">Αλφαβητική σειρά</subfield>
   <subfield code="p">86427</subfield>
   <subfield code="q">86427</subfield>
   <subfield code="t">NOLOAN</subfield>
   <subfield code="v">τομ.39;τεύχ.452:(Μήνας)Μάιος;(Έτος)2015</subfield>
   <subfield code="y">23</subfield>
  </datafield>
  <datafield tag="852" ind1=" " ind2=" ">
   <subfield code="a">INST</subfield>
   <subfield code="b">UNIPILB</subfield>
   <subfield code="c">SERIALS</subfield>
   <subfield code="e">20150610</subfield>
   <subfield code="h">Αλφαβητική σειρά</subfield>
   <subfield code="p">86561</subfield>
   <subfield code="q">86561</subfield>
   <subfield code="t">NOLOAN</subfield>
   <subfield code="v">τομ.39;τεύχ.453:(Μήνας)Ιούνιος;(Έτος)2015</subfield>
   <subfield code="y">23</subfield>
  </datafield>
  <datafield tag="852" ind1=" " ind2=" ">
   <subfield code="a">INST</subfield>
   <subfield code="b">UNIPILB</subfield>
   <subfield code="c">SERIALS</subfield>
   <subfield code="e">20150709</subfield>
   <subfield code="h">Αλφαβητική σειρά</subfield>
   <subfield code="p">86746</subfield>
   <subfield code="q">86746</subfield>
   <subfield code="t">NOLOAN</subfield>
   <subfield code="v">τομ.39;τεύχ.454:(Μήνες)Ιούλιος/Αύγουστος;(Έτος)2015</subfield>
   <subfield code="y">23</subfield>
  </datafield>
  <datafield tag="852" ind1=" " ind2=" ">
   <subfield code="a">INST</subfield>
   <subfield code="b">UNIPILB</subfield>
   <subfield code="c">SERIALS</subfield>
   <subfield code="e">20150922</subfield>
   <subfield code="h">Αλφαβητική σειρά</subfield>
   <subfield code="p">86979</subfield>
   <subfield code="q">86979</subfield>
   <subfield code="t">NOLOAN</subfield>
   <subfield code="v">τομ.39;τεύχ.455:(Μήνας)Σεπτέμβριος;(Έτος)2015</subfield>
   <subfield code="y">23</subfield>
  </datafield>
  <datafield tag="852" ind1=" " ind2=" ">
   <subfield code="a">INST</subfield>
   <subfield code="b">UNIPILB</subfield>
   <subfield code="c">SERIALS</subfield>
   <subfield code="e">20151111</subfield>
   <subfield code="h">Αλφαβητική σειρά</subfield>
   <subfield code="p">87085</subfield>
   <subfield code="q">87085</subfield>
   <subfield code="t">NOLOAN</subfield>
   <subfield code="v">τομ.39;τεύχ.456:(Μήνας)Οκτώβριος;(Έτος)2015</subfield>
   <subfield code="y">23</subfield>
  </datafield>
  <datafield tag="852" ind1=" " ind2=" ">
   <subfield code="a">INST</subfield>
   <subfield code="b">UNIPILB</subfield>
   <subfield code="c">SERIALS</subfield>
   <subfield code="e">20151123</subfield>
   <subfield code="h">Αλφαβητική σειρά</subfield>
   <subfield code="p">87117</subfield>
   <subfield code="q">87117</subfield>
   <subfield code="t">NOLOAN</subfield>
   <subfield code="v">τομ.39;τεύχ.457:(Μήνας)Νοέμβριος;(Έτος)2015</subfield>
   <subfield code="y">23</subfield>
  </datafield>
  <datafield tag="852" ind1=" " ind2=" ">
   <subfield code="a">INST</subfield>
   <subfield code="b">UNIPILB</subfield>
   <subfield code="c">SERIALS</subfield>
   <subfield code="e">20151211</subfield>
   <subfield code="h">Αλφαβητική σειρά</subfield>
   <subfield code="p">87143</subfield>
   <subfield code="q">87143</subfield>
   <subfield code="t">NOLOAN</subfield>
   <subfield code="v">τομ.39;τεύχ.458:(Μήνας)Δεκέμβριος;(Έτος)2015</subfield>
   <subfield code="y">23</subfield>
  </datafield>
  <datafield tag="852" ind1=" " ind2=" ">
   <subfield code="a">INST</subfield>
   <subfield code="b">UNIPILB</subfield>
   <subfield code="c">SERIALS</subfield>
   <subfield code="e">20160113</subfield>
   <subfield code="h">Αλφαβητική σειρά</subfield>
   <subfield code="p">87187</subfield>
   <subfield code="q">87187</subfield>
   <subfield code="t">NOLOAN</subfield>
   <subfield code="v">τομ.40;τεύχ.459:(Μήνας)Ιανουάριος;(Έτος)2016</subfield>
   <subfield code="y">23</subfield>
  </datafield>
  <datafield tag="852" ind1=" " ind2=" ">
   <subfield code="a">INST</subfield>
   <subfield code="b">UNIPILB</subfield>
   <subfield code="c">SERIALS</subfield>
   <subfield code="e">20160212</subfield>
   <subfield code="h">Αλφαβητική σειρά</subfield>
   <subfield code="p">87436</subfield>
   <subfield code="q">87436</subfield>
   <subfield code="t">NOLOAN</subfield>
   <subfield code="v">τομ.40;τεύχ.460:(Μήνας)Φεβρουάριος;(Έτος)2016</subfield>
   <subfield code="y">23</subfield>
  </datafield>
  <datafield tag="852" ind1=" " ind2=" ">
   <subfield code="a">INST</subfield>
   <subfield code="b">UNIPILB</subfield>
   <subfield code="c">SERIALS</subfield>
   <subfield code="e">20160330</subfield>
   <subfield code="h">Αλφαβητική σειρά</subfield>
   <subfield code="p">87621</subfield>
   <subfield code="q">87621</subfield>
   <subfield code="t">NOLOAN</subfield>
   <subfield code="v">τομ.40;τεύχ.461:(Μήνας)Μάρτιος;(Έτος)2016</subfield>
   <subfield code="y">23</subfield>
  </datafield>
  <datafield tag="852" ind1=" " ind2=" ">
   <subfield code="a">INST</subfield>
   <subfield code="b">UNIPILB</subfield>
   <subfield code="c">SERIALS</subfield>
   <subfield code="e">20160413</subfield>
   <subfield code="h">Αλφαβητική σειρά</subfield>
   <subfield code="p">87789</subfield>
   <subfield code="q">87789</subfield>
   <subfield code="t">NOLOAN</subfield>
   <subfield code="v">τομ.40;τεύχ.462:(Μήνας)Απρίλιος;(Έτος)2016</subfield>
   <subfield code="y">23</subfield>
  </datafield>
  <datafield tag="852" ind1=" " ind2=" ">
   <subfield code="a">INST</subfield>
   <subfield code="b">UNIPILB</subfield>
   <subfield code="c">SERIALS</subfield>
   <subfield code="e">20160510</subfield>
   <subfield code="h">Αλφαβητική σειρά</subfield>
   <subfield code="p">87962</subfield>
   <subfield code="q">87962</subfield>
   <subfield code="t">NOLOAN</subfield>
   <subfield code="v">τομ.40;τεύχ.463:(Μήνας)Μάιος;(Έτος)2016</subfield>
   <subfield code="y">23</subfield>
  </datafield>
  <datafield tag="852" ind1=" " ind2=" ">
   <subfield code="a">INST</subfield>
   <subfield code="b">UNIPILB</subfield>
   <subfield code="c">SERIALS</subfield>
   <subfield code="e">20160608</subfield>
   <subfield code="h">Αλφαβητική σειρά</subfield>
   <subfield code="p">88187</subfield>
   <subfield code="q">88187</subfield>
   <subfield code="t">NOLOAN</subfield>
   <subfield code="v">τομ.40;τεύχ.464:(Μήνας)Ιούνιος;(Έτος)2016</subfield>
   <subfield code="y">23</subfield>
  </datafield>
  <datafield tag="852" ind1=" " ind2=" ">
   <subfield code="a">INST</subfield>
   <subfield code="b">UNIPILB</subfield>
   <subfield code="c">SERIALS</subfield>
   <subfield code="e">20160720</subfield>
   <subfield code="h">Αλφαβητική σειρά</subfield>
   <subfield code="p">88893</subfield>
   <subfield code="q">88893</subfield>
   <subfield code="t">NOLOAN</subfield>
   <subfield code="v">τομ.40;τεύχ.465:(Μήνες)Ιούλιος - Αύγουστος;(Έτος)2016</subfield>
   <subfield code="y">23</subfield>
  </datafield>
  <datafield tag="856" ind1="4" ind2="1">
   <subfield code="a">http://www.aagora.gr</subfield>
  </datafield>
  <datafield tag="900" ind1=" " ind2=" ">
   <subfield code="a">Τομ. 43 τχ. 499 (Μάιος 2019)</subfield>
   <subfield code="b">Οφειλόμενο</subfield>
   <subfield code="c">10/07/2019</subfield>
  </datafield>
  <datafield tag="900" ind1=" " ind2=" ">
   <subfield code="a">Τομ. 29 τχ. 343 (Σεπτέμβριος 2005)</subfield>
   <subfield code="b">Οφειλόμενο</subfield>
   <subfield code="c">02/04/2006</subfield>
  </datafield>
  <datafield tag="900" ind1=" " ind2=" ">
   <subfield code="a">Τομ. 30 τχ. 354 (Αύγουστος 2006)</subfield>
   <subfield code="b">Οφειλόμενο</subfield>
   <subfield code="c">08/01/2007</subfield>
  </datafield>
  <datafield tag="900" ind1=" " ind2=" ">
   <subfield code="a">Τομ. 32 τχ. 378 (Αύγουστος 2008)</subfield>
   <subfield code="b">Οφειλόμενο</subfield>
   <subfield code="c">26/10/2008</subfield>
  </datafield>
  <datafield tag="900" ind1=" " ind2=" ">
   <subfield code="a">Τομ. 34 τχ. 400 (Αύγουστος 2010)</subfield>
   <subfield code="b">Οφειλόμενο</subfield>
   <subfield code="c">15/10/2010</subfield>
  </datafield>
  <datafield tag="900" ind1=" " ind2=" ">
   <subfield code="a">Τομ. 39 τχ. 459 (Δεκέμβριος 2015)</subfield>
   <subfield code="b">Οφειλόμενο</subfield>
   <subfield code="c">13/06/2017</subfield>
  </datafield>
  <datafield tag="900" ind1=" " ind2=" ">
   <subfield code="a">Τομ. 40 τχ. 466 (Αύγουστος 2016)</subfield>
   <subfield code="b">Οφειλόμενο</subfield>
   <subfield code="c">13/06/2017</subfield>
  </datafield>
  <datafield tag="900" ind1=" " ind2=" ">
   <subfield code="a">Τομ. 40 τχ. 467 (Σεπτέμβριος 2016)</subfield>
   <subfield code="b">Οφειλόμενο</subfield>
   <subfield code="c">12/09/2018</subfield>
  </datafield>
  <datafield tag="900" ind1=" " ind2=" ">
   <subfield code="a">Τομ. 40 τχ. 468 (Οκτώβριος 2016)</subfield>
   <subfield code="b">Οφειλόμενο</subfield>
   <subfield code="c">12/09/2018</subfield>
  </datafield>
  <datafield tag="900" ind1=" " ind2=" ">
   <subfield code="a">Τομ. 40 τχ. 469 (Νοέμβριος 2016)</subfield>
   <subfield code="b">Οφειλόμενο</subfield>
   <subfield code="c">12/09/2018</subfield>
  </datafield>
  <datafield tag="900" ind1=" " ind2=" ">
   <subfield code="a">Τομ. 40 τχ. 470 (Δεκέμβριος 2016)</subfield>
   <subfield code="b">Οφειλόμενο</subfield>
   <subfield code="c">12/09/2018</subfield>
  </datafield>
  <datafield tag="900" ind1=" " ind2=" ">
   <subfield code="a">Τομ. 41 τχ. 471 (Ιανουάριος 2017)</subfield>
   <subfield code="b">Οφειλόμενο</subfield>
   <subfield code="c">12/09/2018</subfield>
  </datafield>
  <datafield tag="900" ind1=" " ind2=" ">
   <subfield code="a">Τομ. 41 τχ. 472 (Φεβρουάριος 2017)</subfield>
   <subfield code="b">Οφειλόμενο</subfield>
   <subfield code="c">12/09/2018</subfield>
  </datafield>
  <datafield tag="900" ind1=" " ind2=" ">
   <subfield code="a">Τομ. 41 τχ. 473 (Μάρτιος 2017)</subfield>
   <subfield code="b">Οφειλόμενο</subfield>
   <subfield code="c">12/09/2018</subfield>
  </datafield>
  <datafield tag="900" ind1=" " ind2=" ">
   <subfield code="a">Τομ. 41 τχ. 474 (Απρίλιος 2017)</subfield>
   <subfield code="b">Οφειλόμενο</subfield>
   <subfield code="c">12/09/2018</subfield>
  </datafield>
  <datafield tag="900" ind1=" " ind2=" ">
   <subfield code="a">Τομ. 41 τχ. 475 (Μάιος 2017)</subfield>
   <subfield code="b">Οφειλόμενο</subfield>
   <subfield code="c">12/09/2018</subfield>
  </datafield>
  <datafield tag="900" ind1=" " ind2=" ">
   <subfield code="a">Τομ. 41 τχ. 476 (Ιούνιος 2017)</subfield>
   <subfield code="b">Οφειλόμενο</subfield>
   <subfield code="c">12/09/2018</subfield>
  </datafield>
  <datafield tag="900" ind1=" " ind2=" ">
   <subfield code="a">Τομ. 41 τχ. 477 (Ιούλιος 2017)</subfield>
   <subfield code="b">Οφειλόμενο</subfield>
   <subfield code="c">12/09/2018</subfield>
  </datafield>
  <datafield tag="900" ind1=" " ind2=" ">
   <subfield code="a">Τομ. 41 τχ. 478 (Αύγουστος 2017)</subfield>
   <subfield code="b">Οφειλόμενο</subfield>
   <subfield code="c">12/09/2018</subfield>
  </datafield>
  <datafield tag="900" ind1=" " ind2=" ">
   <subfield code="a">Τομ. 41 τχ. 479 (Σεπτέμβριος 2017)</subfield>
   <subfield code="b">Οφειλόμενο</subfield>
   <subfield code="c">12/09/2018</subfield>
  </datafield>
  <datafield tag="900" ind1=" " ind2=" ">
   <subfield code="a">Τομ. 41 τχ. 480 (Οκτώβριος 2017)</subfield>
   <subfield code="b">Οφειλόμενο</subfield>
   <subfield code="c">12/09/2018</subfield>
  </datafield>
  <datafield tag="900" ind1=" " ind2=" ">
   <subfield code="a">Τομ. 41 τχ. 481 (Νοέμβριος 2017)</subfield>
   <subfield code="b">Οφειλόμενο</subfield>
   <subfield code="c">12/09/2018</subfield>
  </datafield>
  <datafield tag="900" ind1=" " ind2=" ">
   <subfield code="a">Τομ. 41 τχ. 482 (Δεκέμβριος 2017)</subfield>
   <subfield code="b">Οφειλόμενο</subfield>
   <subfield code="c">12/09/2018</subfield>
  </datafield>
  <datafield tag="900" ind1=" " ind2=" ">
   <subfield code="a">Τομ. 42 τχ. 483 (Ιανουάριος 2018)</subfield>
   <subfield code="b">Οφειλόμενο</subfield>
   <subfield code="c">12/09/2018</subfield>
  </datafield>
  <datafield tag="900" ind1=" " ind2=" ">
   <subfield code="a">Τομ. 42 τχ. 484 (Φεβρουάριος 2018)</subfield>
   <subfield code="b">Οφειλόμενο</subfield>
   <subfield code="c">12/09/2018</subfield>
  </datafield>
  <datafield tag="900" ind1=" " ind2=" ">
   <subfield code="a">Τομ. 42 τχ. 485 (Μάρτιος 2018)</subfield>
   <subfield code="b">Οφειλόμενο</subfield>
   <subfield code="c">12/09/2018</subfield>
  </datafield>
  <datafield tag="900" ind1=" " ind2=" ">
   <subfield code="a">Τομ. 42 τχ. 486 (Απρίλιος 2018)</subfield>
   <subfield code="b">Οφειλόμενο</subfield>
   <subfield code="c">12/09/2018</subfield>
  </datafield>
  <datafield tag="900" ind1=" " ind2=" ">
   <subfield code="a">Τομ. 42 τχ. 487 (Μάιος 2018)</subfield>
   <subfield code="b">Οφειλόμενο</subfield>
   <subfield code="c">12/09/2018</subfield>
  </datafield>
  <datafield tag="900" ind1=" " ind2=" ">
   <subfield code="a">Τομ. 42 τχ. 488 (Ιούνιος 2018)</subfield>
   <subfield code="b">Οφειλόμενο</subfield>
   <subfield code="c">12/09/2018</subfield>
  </datafield>
  <datafield tag="900" ind1=" " ind2=" ">
   <subfield code="a">Τομ. 42 τχ. 489 (Ιούλιος 2018)</subfield>
   <subfield code="b">Οφειλόμενο</subfield>
   <subfield code="c">12/09/2018</subfield>
  </datafield>
  <datafield tag="900" ind1=" " ind2=" ">
   <subfield code="a">Τομ. 42 τχ. 490 (Αύγουστος 2018)</subfield>
   <subfield code="b">Οφειλόμενο</subfield>
   <subfield code="c">01/10/2018</subfield>
  </datafield>
  <datafield tag="900" ind1=" " ind2=" ">
   <subfield code="a">Τομ. 42 τχ. 491 (Σεπτέμβριος 2018)</subfield>
   <subfield code="b">Οφειλόμενο</subfield>
   <subfield code="c">31/10/2018</subfield>
  </datafield>
  <datafield tag="900" ind1=" " ind2=" ">
   <subfield code="a">Τομ. 42 τχ. 492 (Οκτώβριος 2018)</subfield>
   <subfield code="b">Οφειλόμενο</subfield>
   <subfield code="c">30/11/2018</subfield>
  </datafield>
  <datafield tag="900" ind1=" " ind2=" ">
   <subfield code="a">Τομ. 42 τχ. 493 (Νοέμβριος 2018)</subfield>
   <subfield code="b">Οφειλόμενο</subfield>
   <subfield code="c">08/01/2019</subfield>
  </datafield>
  <datafield tag="900" ind1=" " ind2=" ">
   <subfield code="a">Τομ. 42 τχ. 494 (Δεκέμβριος 2018)</subfield>
   <subfield code="b">Οφειλόμενο</subfield>
   <subfield code="c">31/01/2019</subfield>
  </datafield>
  <datafield tag="900" ind1=" " ind2=" ">
   <subfield code="a">Τομ. 43 τχ. 495 (Ιανουάριος 2019)</subfield>
   <subfield code="b">Οφειλόμενο</subfield>
   <subfield code="c">04/03/2019</subfield>
  </datafield>
  <datafield tag="900" ind1=" " ind2=" ">
   <subfield code="a">Τομ. 43 τχ. 496 (Φεβρουάριος 2019)</subfield>
   <subfield code="b">Οφειλόμενο</subfield>
   <subfield code="c">02/04/2019</subfield>
  </datafield>
  <datafield tag="900" ind1=" " ind2=" ">
   <subfield code="a">Τομ. 43 τχ. 497 (Μάρτιος 2019)</subfield>
   <subfield code="b">Οφειλόμενο</subfield>
   <subfield code="c">06/05/2019</subfield>
  </datafield>
  <datafield tag="900" ind1=" " ind2=" ">
   <subfield code="a">Τομ. 43 τχ. 498 (Απρίλιος 2019)</subfield>
   <subfield code="b">Οφειλόμενο</subfield>
   <subfield code="c">31/05/2019</subfield>
  </datafield>
  <datafield tag="950" ind1=" " ind2=" ">
   <subfield code="a">01/01/2004</subfield>
   <subfield code="c">ΔΩΡΕΑ ΠΕΡΙΟΔΙΚΩΝ</subfield>
   <subfield code="d">176</subfield>
  </datafield>
  <datafield tag="951" ind1=" " ind2=" ">
   <subfield code="a">Τεύχ. 466 (Σεπτέμβριος 2016)</subfield>
   <subfield code="b">Supplements</subfield>
  </datafield>
  <datafield tag="951" ind1=" " ind2=" ">
   <subfield code="a">Τομ.ΙΙ, τχ.182(Απρίλ. 1992) -  (τ.ΚΖ΄, τχ.322(Δεκ. 2003)</subfield>
   <subfield code="b">Main run</subfield>
  </datafield>
  <datafield tag="951" ind1=" " ind2=" ">
   <subfield code="a">Τομ. 28 τχ. 323 (Ιανουάριος 2004) - Τομ. 28 τχ. 328 (Ιούνιος 2004)</subfield>
   <subfield code="b">Main run</subfield>
  </datafield>
  <datafield tag="951" ind1=" " ind2=" ">
   <subfield code="a">Τομ. 28 τχ. 329-330  (Ιούλ./Αύγ. 2004)</subfield>
   <subfield code="b">Main run</subfield>
  </datafield>
  <datafield tag="951" ind1=" " ind2=" ">
   <subfield code="a">Τομ. 28 τχ. 331 (Σεπτέμβριος 2004) - Τομ. 28 τχ. 334 (Δεκέμβριος 2004)</subfield>
   <subfield code="b">Main run</subfield>
  </datafield>
  <datafield tag="951" ind1=" " ind2=" ">
   <subfield code="a">Τομ. 29 τχ. 335 (Ιανουάριος 2005) - Τομ. 29 τχ. 340 (Ιούνιος 2005)</subfield>
   <subfield code="b">Main run</subfield>
  </datafield>
  <datafield tag="951" ind1=" " ind2=" ">
   <subfield code="a">Τομ. 29 τχ. 341-342  (Ιούλ./Αύγ. 2005)</subfield>
   <subfield code="b">Main run</subfield>
  </datafield>
  <datafield tag="951" ind1=" " ind2=" ">
   <subfield code="a">Τομ. 29 τχ. 344 (Οκτώβριος 2005) - Τομ. 29 τχ. 346 (Δεκέμβριος 2005)</subfield>
   <subfield code="b">Main run</subfield>
  </datafield>
  <datafield tag="951" ind1=" " ind2=" ">
   <subfield code="a">Τομ. 30 τχ. 347 (Ιανουάριος 2006) - Τομ. 30 τχ. 352 (Ιούνιος 2006)</subfield>
   <subfield code="b">Main run</subfield>
  </datafield>
  <datafield tag="951" ind1=" " ind2=" ">
   <subfield code="a">Τομ. 30 τχ. 353-354  (Ιούλ./Αύγ. 2006)</subfield>
   <subfield code="b">Main run</subfield>
  </datafield>
  <datafield tag="951" ind1=" " ind2=" ">
   <subfield code="a">Τομ. 30 τχ. 355 (Σεπτέμβριος 2006) - Τομ. 30 τχ. 358 (Δεκέμβριος 2006)</subfield>
   <subfield code="b">Main run</subfield>
  </datafield>
  <datafield tag="951" ind1=" " ind2=" ">
   <subfield code="a">Τομ. 31 τχ. 359 (Ιανουάριος 2007) - Τομ. 31 τχ. 364 (Ιούνιος 2007)</subfield>
   <subfield code="b">Main run</subfield>
  </datafield>
  <datafield tag="951" ind1=" " ind2=" ">
   <subfield code="a">Τομ. 31 τχ. 365-366  (Ιούλ./Αύγ. 2007)</subfield>
   <subfield code="b">Main run</subfield>
  </datafield>
  <datafield tag="951" ind1=" " ind2=" ">
   <subfield code="a">Τομ. 31 τχ. 367 (Σεπτέμβριος 2007) - Τομ. 31 τχ. 370 (Δεκέμβριος 2007)</subfield>
   <subfield code="b">Main run</subfield>
  </datafield>
  <datafield tag="951" ind1=" " ind2=" ">
   <subfield code="a">Τομ. 32 τχ. 371 (Ιανουάριος 2008) - Τομ. 32 τχ. 376 (Ιούνιος 2008)</subfield>
   <subfield code="b">Main run</subfield>
  </datafield>
  <datafield tag="951" ind1=" " ind2=" ">
   <subfield code="a">Τομ. 32 τχ. 377  (Ιούλ./Αύγ. 2008)</subfield>
   <subfield code="b">Main run</subfield>
  </datafield>
  <datafield tag="951" ind1=" " ind2=" ">
   <subfield code="a">Τομ. 32 τχ. 378 (Σεπτέμβριος 2008) - Τομ. 32 τχ. 381 (Δεκέμβριος 2008)</subfield>
   <subfield code="b">Main run</subfield>
  </datafield>
  <datafield tag="951" ind1=" " ind2=" ">
   <subfield code="a">Τομ. 33 τχ. 382 (Ιανουάριος 2009) - Τομ. 33 τχ. 387 (Ιούνιος 2009)</subfield>
   <subfield code="b">Main run</subfield>
  </datafield>
  <datafield tag="951" ind1=" " ind2=" ">
   <subfield code="a">Τομ. 33 τχ. 388  (Ιούλ./Αύγ. 2009)</subfield>
   <subfield code="b">Main run</subfield>
  </datafield>
  <datafield tag="951" ind1=" " ind2=" ">
   <subfield code="a">Τομ. 33 τχ. 389 (Σεπτέμβριος 2009) - Τομ. 33 τχ. 392 (Δεκέμβριος 2009)</subfield>
   <subfield code="b">Main run</subfield>
  </datafield>
  <datafield tag="951" ind1=" " ind2=" ">
   <subfield code="a">Τομ. 34 τχ. 393 (Ιανουάριος 2010) - Τομ. 34 τχ. 398 (Ιούνιος 2010)</subfield>
   <subfield code="b">Main run</subfield>
  </datafield>
  <datafield tag="951" ind1=" " ind2=" ">
   <subfield code="a">Τομ. 34 τχ. 399  (Ιούλ./Αύγ. 2010)</subfield>
   <subfield code="b">Main run</subfield>
  </datafield>
  <datafield tag="951" ind1=" " ind2=" ">
   <subfield code="a">Τομ. 34 τχ. 400 (Σεπτέμβριος 2010) - Τομ. 34 τχ. 403 (Δεκέμβριος 2010)</subfield>
   <subfield code="b">Main run</subfield>
  </datafield>
  <datafield tag="951" ind1=" " ind2=" ">
   <subfield code="a">Τομ. 35 τχ. 404 (Ιανουάριος 2011) - Τομ. 35 τχ. 409 (Ιούνιος 2011)</subfield>
   <subfield code="b">Main run</subfield>
  </datafield>
  <datafield tag="951" ind1=" " ind2=" ">
   <subfield code="a">Τομ. 35 τχ. 410  (Ιούλ./Αύγ. 2011)</subfield>
   <subfield code="b">Main run</subfield>
  </datafield>
  <datafield tag="951" ind1=" " ind2=" ">
   <subfield code="a">Τομ. 35 τχ. 411  (Σεπτέμβριος 2011)</subfield>
   <subfield code="b">Main run</subfield>
  </datafield>
  <datafield tag="951" ind1=" " ind2=" ">
   <subfield code="a">Τομ. 35 τχ. 412 (Οκτώβριος 2011) - Τομ. 35 τχ. 414 (Δεκέμβριος 2011)</subfield>
   <subfield code="b">Main run</subfield>
  </datafield>
  <datafield tag="951" ind1=" " ind2=" ">
   <subfield code="a">Τομ. 36 τχ. 415 (Ιανουάριος 2012) - Τομ. 36 τχ. 420 (Ιούνιος 2012)</subfield>
   <subfield code="b">Main run</subfield>
  </datafield>
  <datafield tag="951" ind1=" " ind2=" ">
   <subfield code="a">Τομ. 36 τχ. 421  (Ιουλ./Αυγ. 2012)</subfield>
   <subfield code="b">Main run</subfield>
  </datafield>
  <datafield tag="951" ind1=" " ind2=" ">
   <subfield code="a">Τομ. 36 τχ. 422 (Αύγουστος 2012) - Τομ. 36 τχ. 425 (Δεκέμβριος 2012)</subfield>
   <subfield code="b">Main run</subfield>
  </datafield>
  <datafield tag="951" ind1=" " ind2=" ">
   <subfield code="a">Τομ. 37 τχ. 426 (Ιανουάριος 2013) - Τομ. 37 τχ. 431 (Ιούνιος 2013)</subfield>
   <subfield code="b">Main run</subfield>
  </datafield>
  <datafield tag="951" ind1=" " ind2=" ">
   <subfield code="a">Τομ. 37 τχ. 432  (Ιουλ.-Αυγ. 2013)</subfield>
   <subfield code="b">Main run</subfield>
  </datafield>
  <datafield tag="951" ind1=" " ind2=" ">
   <subfield code="a">Τομ. 37 τχ. 433 (Σεπτέμβριος 2013) - Τομ. 37 τχ. 436 (Δεκέμβριος 2013)</subfield>
   <subfield code="b">Main run</subfield>
  </datafield>
  <datafield tag="951" ind1=" " ind2=" ">
   <subfield code="a">Τομ. 38 τχ. 437 (Ιανουάριος 2014) - Τομ. 38 τχ. 443 (Ιούλιος 2014)</subfield>
   <subfield code="b">Main run</subfield>
  </datafield>
  <datafield tag="951" ind1=" " ind2=" ">
   <subfield code="a">Τομ. 38 τχ. 444  (Σεπτέμβριος 2014)</subfield>
   <subfield code="b">Main run</subfield>
  </datafield>
  <datafield tag="951" ind1=" " ind2=" ">
   <subfield code="a">Τομ. 38 τχ. 445  (Οκτώβριος 2014)</subfield>
   <subfield code="b">Main run</subfield>
  </datafield>
  <datafield tag="951" ind1=" " ind2=" ">
   <subfield code="a">Τομ. 38 τχ. 446  (Νοέμβριος 2014)</subfield>
   <subfield code="b">Main run</subfield>
  </datafield>
  <datafield tag="951" ind1=" " ind2=" ">
   <subfield code="a">Τομ. 38 τχ. 447 (Δεκέμβριος 2014)</subfield>
   <subfield code="b">Main run</subfield>
  </datafield>
  <datafield tag="951" ind1=" " ind2=" ">
   <subfield code="a">Τομ. 39 τχ. 448 (Ιανουάριος 2015) - Τομ. 39 τχ. 453 (Ιούνιος 2015)</subfield>
   <subfield code="b">Main run</subfield>
  </datafield>
  <datafield tag="951" ind1=" " ind2=" ">
   <subfield code="a">Τομ. 39 τχ. 454  (Ιούλιος/Αύγουστος 2015)</subfield>
   <subfield code="b">Main run</subfield>
  </datafield>
  <datafield tag="951" ind1=" " ind2=" ">
   <subfield code="a">Τομ. 39 τχ. 455  (Σεπτέμβριος 2015)</subfield>
   <subfield code="b">Main run</subfield>
  </datafield>
  <datafield tag="951" ind1=" " ind2=" ">
   <subfield code="a">Τομ. 39 τχ. 456  (Οκτώβριος 2015)</subfield>
   <subfield code="b">Main run</subfield>
  </datafield>
  <datafield tag="951" ind1=" " ind2=" ">
   <subfield code="a">Τομ. 39 τχ. 457  (Νοέμβριος 2015)</subfield>
   <subfield code="b">Main run</subfield>
  </datafield>
  <datafield tag="951" ind1=" " ind2=" ">
   <subfield code="a">Τομ. 39 τχ. 458  (Δεκέμβριος 2015)</subfield>
   <subfield code="b">Main run</subfield>
  </datafield>
  <datafield tag="951" ind1=" " ind2=" ">
   <subfield code="a">Τομ. 40 τχ. 459 (Ιανουάριος 2016) - Τομ. 40 τχ. 464 (Ιούνιος 2016)</subfield>
   <subfield code="b">Main run</subfield>
  </datafield>
  <datafield tag="951" ind1=" " ind2=" ">
   <subfield code="a">Τομ. 140 τχ. 465  (Ιούλιος - Αύγουστος 2016)</subfield>
   <subfield code="b">Main run</subfield>
  </datafield>
  <datafield tag="951" ind1=" " ind2=" ">
   <subfield code="a">Τεύχ. 468 (Νοέμβριος 2016)</subfield>
   <subfield code="b">Main run</subfield>
  </datafield>
  <datafield tag="951" ind1=" " ind2=" ">
   <subfield code="a">Τεύχ. 486 (Ιούνιος 2018)</subfield>
   <subfield code="b">Main run</subfield>
  </datafield>
  <datafield tag="951" ind1=" " ind2=" ">
   <subfield code="a">Τεύχ. 483 (Μάρτιος 2018)</subfield>
   <subfield code="b">Main run</subfield>
  </datafield>
  <datafield tag="951" ind1=" " ind2=" ">
   <subfield code="a">Τευχ. 480 (Δεκέμβριος 2017)</subfield>
   <subfield code="b">Main run</subfield>
  </datafield>
  <datafield tag="951" ind1=" " ind2=" ">
   <subfield code="a">Τεύχ. 478 (Οκτώβριος 2017)</subfield>
   <subfield code="b">Main run</subfield>
  </datafield>
  <datafield tag="951" ind1=" " ind2=" ">
   <subfield code="a">Τεύχ. 472 (Μάρτιος 2017)</subfield>
   <subfield code="b">Main run</subfield>
  </datafield>
  <datafield tag="951" ind1=" " ind2=" ">
   <subfield code="a">Τεύχ. 473 (Απρίλιος 2017)</subfield>
   <subfield code="b">Main run</subfield>
  </datafield>
  <datafield tag="951" ind1=" " ind2=" ">
   <subfield code="a">Τεύχ. 474 (Μάϊος 2017)</subfield>
   <subfield code="b">Main run</subfield>
  </datafield>
  <datafield tag="951" ind1=" " ind2=" ">
   <subfield code="a">Τεύχ. 471 (Φεβρουάριος 2017)</subfield>
   <subfield code="b">Main run</subfield>
  </datafield>
  <datafield tag="951" ind1=" " ind2=" ">
   <subfield code="a">Τεύχ. 475 (Ιούνιος 2017)</subfield>
   <subfield code="b">Main run</subfield>
  </datafield>
  <datafield tag="951" ind1=" " ind2=" ">
   <subfield code="a">Τεύχ. 476 (Ιούλιος - Αύγουστος 2017)</subfield>
   <subfield code="b">Main run</subfield>
  </datafield>
  <datafield tag="951" ind1=" " ind2=" ">
   <subfield code="a">Τεύχ. 477 (Σεπτέμβριος 2017)</subfield>
   <subfield code="b">Main run</subfield>
  </datafield>
  <datafield tag="951" ind1=" " ind2=" ">
   <subfield code="a">Τεύχ. 479 (Νοέμβριος 2017)</subfield>
   <subfield code="b">Main run</subfield>
  </datafield>
  <datafield tag="951" ind1=" " ind2=" ">
   <subfield code="a">Τεύχ. 482 (Φεβρουάριος 2018)</subfield>
   <subfield code="b">Main run</subfield>
  </datafield>
  <datafield tag="951" ind1=" " ind2=" ">
   <subfield code="a">Τεύχ.484 (Απρίλιος 2018)</subfield>
   <subfield code="b">Main run</subfield>
  </datafield>
  <datafield tag="951" ind1=" " ind2=" ">
   <subfield code="a">Τεύχ.39 τχ. 481(Ιανούαριος 2018)</subfield>
   <subfield code="b">Main run</subfield>
  </datafield>
  <datafield tag="951" ind1=" " ind2=" ">
   <subfield code="a">Τευχ.485 (Μαϊος 2018)</subfield>
   <subfield code="b">Main run</subfield>
  </datafield>
  <datafield tag="951" ind1=" " ind2=" ">
   <subfield code="a">Τεύχ.487 (Αύγουστος 2018)</subfield>
   <subfield code="b">Main run</subfield>
  </datafield>
  <datafield tag="951" ind1=" " ind2=" ">
   <subfield code="a">Τεύχ. 488 (Σεπτέμβριος 2018)</subfield>
   <subfield code="b">Main run</subfield>
  </datafield>
  <datafield tag="951" ind1=" " ind2=" ">
   <subfield code="a">Τεύχ. 489 (Οκτ.2018)</subfield>
   <subfield code="b">Main run</subfield>
  </datafield>
  <datafield tag="951" ind1=" " ind2=" ">
   <subfield code="a">Τεύχ. 490 (Οκτώβριος 2018)</subfield>
   <subfield code="b">Main run</subfield>
  </datafield>
  <datafield tag="951" ind1=" " ind2=" ">
   <subfield code="a">Τεύχ.491 (Δεκέμβριος 2018)</subfield>
   <subfield code="b">Main run</subfield>
  </datafield>
  <datafield tag="951" ind1=" " ind2=" ">
   <subfield code="a">Τεύχ. 492 (Ιανουάριος 2019)</subfield>
   <subfield code="b">Main run</subfield>
  </datafield>
  <datafield tag="951" ind1=" " ind2=" ">
   <subfield code="a">Τευχ,494 (Μάρτιος 2019)</subfield>
   <subfield code="b">Main run</subfield>
  </datafield>
  <datafield tag="951" ind1=" " ind2=" ">
   <subfield code="a">Τεύχ. 495 (Απρίλιος 2019)</subfield>
   <subfield code="b">Main run</subfield>
  </datafield>
  <datafield tag="951" ind1=" " ind2=" ">
   <subfield code="a">Τεύχ.493 (Φεβρουάριος 2019)</subfield>
   <subfield code="b">Main run</subfield>
  </datafield>
  <datafield tag="951" ind1=" " ind2=" ">
   <subfield code="a">Τεύχ.496 (Μαϊος 2019)</subfield>
   <subfield code="b">Main run</subfield>
  </datafield>
  <datafield tag="951" ind1=" " ind2=" ">
   <subfield code="a">Τεύχ.497 (Ιούνιος 2019)</subfield>
   <subfield code="b">Main run</subfield>
  </datafield>
  <datafield tag="951" ind1=" " ind2=" ">
   <subfield code="a">Τευχ.499 (Σεπτέμβριος 2019)</subfield>
   <subfield code="b">Main run</subfield>
  </datafield>
  <datafield tag="951" ind1=" " ind2=" ">
   <subfield code="a">Τεύχ. 500 (Οκτώβριος 2019)</subfield>
   <subfield code="b">Main run</subfield>
  </datafield>
  <datafield tag="951" ind1=" " ind2=" ">
   <subfield code="a">Τεύχ. 502 (Δεκέμβριος 2019)</subfield>
   <subfield code="b">Main run</subfield>
  </datafield>
  <datafield tag="951" ind1=" " ind2=" ">
   <subfield code="a">Τεύχ. 503 (Ιανουάριος 2020)</subfield>
   <subfield code="b">Main run</subfield>
  </datafield>
  <datafield tag="951" ind1=" " ind2=" ">
   <subfield code="a">Τεύχ.501 (Νοέμβριος 2019)</subfield>
   <subfield code="b">Main run</subfield>
  </datafield>
  <datafield tag="951" ind1=" " ind2=" ">
   <subfield code="a">Τεύχ.504 (Φεβρουάριος 2020)</subfield>
   <subfield code="b">Main run</subfield>
  </datafield>
  <datafield tag="951" ind1=" " ind2=" ">
   <subfield code="a">Τεύχ.505 (Μάρτιος 2020)</subfield>
   <subfield code="b">Main run</subfield>
  </datafield>
  <datafield tag="951" ind1=" " ind2=" ">
   <subfield code="a">Τεύχ.506 (Απρίλιος 2020)</subfield>
   <subfield code="b">Main run</subfield>
  </datafield>
  <datafield tag="951" ind1=" " ind2=" ">
   <subfield code="a">Τεύχ.498 (Ιούλιος - Αυγούστος 2019)</subfield>
   <subfield code="b">Main run</subfield>
  </datafield>
  <datafield tag="951" ind1=" " ind2=" ">
   <subfield code="a">Τεύχ.507 (Μαϊος 2020)</subfield>
   <subfield code="b">Main run</subfield>
  </datafield>
  <datafield tag="951" ind1=" " ind2=" ">
   <subfield code="a">Τεύχ.508 (Ιουν. 2020)</subfield>
   <subfield code="b">Main run</subfield>
  </datafield>
  <datafield tag="951" ind1=" " ind2=" ">
   <subfield code="a">Τεύχ.509 (Ιουλ. 2020)</subfield>
   <subfield code="b">Main run</subfield>
  </datafield>
  <datafield tag="951" ind1=" " ind2=" ">
   <subfield code="a">Τεύχ.510 (Σεπτέμβριος 2020)</subfield>
   <subfield code="b">Main run</subfield>
  </datafield>
  <datafield tag="951" ind1=" " ind2=" ">
   <subfield code="a">Τεύχ.511 (Οκτώβριος 2020)</subfield>
   <subfield code="b">Main run</subfield>
  </datafield>
  <datafield tag="951" ind1=" " ind2=" ">
   <subfield code="a">Μεσίτες ασφαλίσεων και πράκτορες της Αθήνας 2005</subfield>
   <subfield code="b">Supplements</subfield>
  </datafield>
  <datafield tag="951" ind1=" " ind2=" ">
   <subfield code="a">Μεσίτες ασφαλίσεων και πράκτορες της Αθήνας 2007</subfield>
   <subfield code="b">Supplements</subfield>
  </datafield>
  <datafield tag="951" ind1=" " ind2=" ">
   <subfield code="a">Ευρώπη Α.Ε.Γ.Α. 41 Χρόνια</subfield>
   <subfield code="b">Supplements</subfield>
  </datafield>
  <datafield tag="951" ind1=" " ind2=" ">
   <subfield code="a">Τεύχ. 470   (Ιανουάριος 2017)</subfield>
   <subfield code="b">Supplements</subfield>
  </datafield>
  <datafield tag="952" ind1=" " ind2=" ">
   <subfield code="a">ΚΒ΄(252)1998, ΚΔ΄(285)2000, ΚΕ΄(289)2001, ΚΣΤ΄(309)2002</subfield>
  </datafield>
  <datafield tag="952" ind1=" " ind2=" ">
   <subfield code="a">ΙΣΤ΄(179-181,185-186)1992, ΙΖ΄(197-202)1993, Κ΄(227,230)1996,</subfield>
  </datafield>
 </record>
</collection>
